NBA top 1000 PSP Per Game - Statistics

General Stats
  • This quiz has been taken 19 times
    18 since last reset
  • The average score is 427 of 1000
Answer Stats
Rk Player PSPPG Start Year End Year Team Pos PSP % Correct
3 LeBron James 52.10 2004 2025 CLE,MIA,LAL SG,SF,PF,PG,C 93730
93%
654 Avery Johnson 22.55 1989 2004 SEA,DEN,SAS,HOU,GSW,DAL PG 25793
86%
850 Cameron Johnson 20.19 2020 2025 PHO,BRK PF 6844
86%
24 Charles Barkley 44.27 1985 2000 PHI,PHO,HOU PF,SF 52949
86%
226 Dennis Johnson 30.63 1977 1990 SEA,PHO,BOS SG,PG 39203
86%
503 Eddie Johnson 24.69 1982 1999 KCK,SAC,PHO,SEA,CHH,IND,HOU SF,SG 31796
86%
306 Eddie L. Johnson 28.46 1978 1987 ATL,CLE,SEA SG 20262
86%
915 George Lee Johnson 19.55 1979 1986 MIL,DEN,IND,PHI,WSB PF,SF 9206
86%
123 Gus Johnson 34.70 1964 1973 BAL,PHO PF,SF 21339
86%
739 Jalen Johnson 21.33 2022 2025 ATL PF,SF 3733
86%
361 Jeff Malone 27.14 1984 1996 WSB,UTA,PHI,MIA SG 25948
86%
301 Joe Johnson 28.62 2002 2022 BOS,PHO,ATL,BRK,MIA,UTA,HOU SG,SF 39986
86%
395 John Johnson 26.48 1971 1982 CLE,POR,HOU,SEA SF 24945
86%
18 Kareem Abdul-Jabbar 45.60 1970 1989 MIL,LAL C 81938
86%
23 Karl Malone 44.37 1986 2004 UTA,LAL PF 74058
86%
358 Keldon Johnson 27.16 2020 2025 SAS SF 8446
86%
40 Kevin Johnson 41.21 1988 2000 CLE,PHO PG 34618
86%
222 Larry Johnson 30.71 1992 2001 CHH,NYK PF,SF 23741
86%
4 Magic Johnson 51.94 1980 1996 LAL SG,PG,PF 56926
86%
90 Marques Johnson 36.53 1978 1990 MIL,LAC,GSW SF,SG 27213
86%
6 Michael Jordan 50.64 1985 2003 CHI,WAS SG,SF 63354
86%
289 Mickey Johnson 28.91 1975 1986 CHI,IND,MIL,GSW,NJN PF 26772
86%
945 Mike James 19.30 2002 2014 MIA,BOS,DET,HOU,MIL,TOR,MIN,NOH,WAS,CHI,DAL PG 12120
86%
75 Moses Malone 37.89 1975 1995 BUF,HOU,PHI,WSB,ATL,MIL,SAS C 53914
86%
780 Steve Johnson 20.90 1982 1991 KCK,CHI,SAS,POR,MIN,SEA,GSW C 13355
86%
641 Vinnie Johnson 22.65 1980 1992 SEA,DET,SAS SG,PG 24913
86%
1 Wilt Chamberlain 60.99 1960 1973 PHW,SFW,PHI,LAL C 73495
86%
20 Allen Iverson 45.23 1997 2010 PHI,DEN,DET,MEM PG,SG 44552
79%
165 Alvin Robertson 32.54 1985 1996 SAS,MIL,DET,TOR SG 25772
79%
129 Antoine Walker 33.85 1997 2008 BOS,DAL,ATL,MIA,MIN PF 32392
79%
733 Bingo Smith 21.43 1970 1980 SDR,CLE,SDC SF,SG 18921
79%
527 Charles Smith 24.37 1989 1997 LAC,NYK,SAS PF,SF 15354
79%
265 Chet Walker 29.57 1963 1975 SYR,PHI,CHI SF 33626
79%
572 Darrell Walker 23.59 1984 1993 NYK,DEN,WSB,DET,CHI PG,SG 17785
79%
448 David West 25.58 2004 2018 NOH,NOK,IND,SAS,GSW PF,SF,C 29473
79%
655 DeAndre Jordan 22.53 2009 2025 LAC,DAL,NYK,BRK,LAL,PHI,DEN C 25411
79%
772 Delonte West 20.95 2005 2012 BOS,CLE,SEA,DAL SG,PG 10264
79%
646 Dennis Smith Jr. 22.62 2018 2024 DAL,NYK,DET,POR,CHO,BRK PG 7375
79%
782 Derek Smith 20.86 1983 1991 GSW,SDC,LAC,SAC,PHI,BOS SF,SG 8803
79%
910 Eddie Jordan 19.59 1978 1984 CLE,NJN,LAL,POR PG 8366
79%
846 Eddy Curry 20.22 2002 2013 CHI,NYK,MIA,DAL C,PF 10658
79%
264 Elmore Smith 29.58 1972 1979 BUF,LAL,MIL,CLE C 17009
79%
880 Foots Walker 19.81 1975 1984 CLE,NJN PG 13472
79%
16 Giannis Antetokounmpo 46.04 2014 2025 MIL SF,SG,PG,PF 40839
79%
514 Jabari Parker 24.59 2015 2022 MIL,CHI,WAS,ATL,SAC,BOS PF 7892
79%
497 Jabari Smith Jr. 24.77 2023 2025 HOU PF 4286
79%
403 Jalen Duren 26.34 2023 2025 DET C 3820
79%
17 James Harden 45.68 2010 2025 OKC,HOU,BRK,PHI,LAC SG,PG 57421
79%
25 Ja Morant 44.19 2020 2025 MEM PG 12726
79%
15 Jerry West 46.44 1961 1974 LAL SG,PG 50390
79%
390 Jimmy Walker 26.63 1968 1976 DET,HOU,KCO,KCK SG,PG 18907
79%
855 Joe Smith 20.11 1996 2011 GSW,PHI,MIN,DET,MIL,DEN,CHI,CLE,OKC,ATL,LAL,NJN PF,C,SF 21958
79%
57 John Stockton 39.18 1985 2003 UTA PG 66064
79%
207 Josh Smith 31.25 2005 2018 ATL,DET,HOU,LAC,NOP SF,PF 30214
79%
803 J.R. Smith 20.60 2005 2020 NOH,NOK,DEN,NYK,CLE,LAL SG,SF 23009
79%
51 Julius Erving 39.88 1972 1987 PHI SF,SG 38958
79%
114 Kemba Walker 35.18 2012 2023 CHA,CHO,BOS,NYK,DAL PG 27514
79%
391 Kenny Smith 26.61 1988 1997 SAC,ATL,HOU,DEN,DET,ORL PG 21421
79%
19 Kevin Durant 45.56 2008 2025 SEA,OKC,GSW,BRK,PHO SG,SF,PF 56540
79%
47 Kyrie Irving 40.47 2012 2025 CLE,BOS,BRK,DAL PG,SG 34118
79%
7 Larry Bird 49.59 1980 1992 BOS PF,SF 52611
79%
958 Larry Smith 19.20 1981 1993 GSW,HOU,SAS PF 17551
79%
2 Luka Doncic 55.78 2019 2025 DAL SG,PG 25884
79%
492 Neal Walk 24.87 1970 1977 PHO,NOJ,NYK C 14323
79%
10 Nikola Jokic 48.78 2016 2025 DEN C 37462
79%
5 Oscar Robertson 51.88 1961 1974 CIN,MIL PG 58414
79%
942 Otis Smith 19.33 1987 1992 DEN,GSW,ORL SG,SF 7384
79%
74 Patrick Ewing 37.90 1986 2002 NYK,SEA,ORL C,PF 50105
79%
378 Phil Smith 26.86 1975 1983 GSW,SDC,SEA SG 19014
79%
209 Randy Smith 31.18 1972 1983 BUF,SDC,CLE,NYK,ATL SF,SG 31181
79%
13 Russell Westbrook 46.93 2009 2025 OKC,HOU,WAS,LAL,LAC,DEN PG 61102
79%
901 Sonny Parker 19.65 1977 1982 GSW SF,SG 9077
79%
22 Stephen Curry 44.38 2010 2025 GSW PG 49706
79%
506 Steve Smith 24.65 1992 2005 MIA,ATL,POR,SAS,NOH,CHA SG 25437
79%
608 Thaddeus Young 23.03 2008 2024 PHI,BRK,MIN,IND,CHI,SAS,TOR,PHO PF 28321
79%
952 Thomas Jordan 19.25 1993 1993 PHI PF 77
79%
58 Tim Duncan 39.18 1998 2016 SAS PF,C 64377
79%
228 Tony Parker 30.61 2002 2019 SAS,CHO PG 45306
79%
9 Trae Young 49.32 2019 2025 ATL PG 22440
79%
21 Victor Wembanyama 44.60 2024 2025 SAS C 3791
79%
843 A.C. Green 20.26 1986 2001 LAL,PHO,DAL,MIA PF,SF 28988
71%
741 Alvin Williams 21.31 1998 2007 POR,TOR,LAC SG,PG 10184
71%
576 Amen Thompson 23.50 2024 2025 HOU SF 1880
71%
256 Andre Drummond 29.73 2013 2025 DET,CLE,LAL,BRK,PHI,CHI C 26812
71%
242 Andre Miller 30.33 2000 2016 CLE,LAC,DEN,PHI,POR,WAS,SAC,MIN,SAS PG,SG 41616
71%
170 Anfernee Hardaway 32.39 1994 2008 ORL,PHO,NYK,MIA PG,SG,SF 24879
71%
661 Anfernee Simons 22.48 2019 2025 POR SG 7845
71%
28 Anthony Davis 43.75 2013 2025 NOH,NOP,LAL PF,C 35656
71%
59 Anthony Edwards 39.18 2021 2025 MIN SG 13634
71%
751 Antonio Davis 21.15 1994 2006 IND,TOR,CHI,NYK PF,C 21063
71%
924 Armond Hill 19.49 1977 1984 ATL,SEA,SDC,MIL PG 9435
71%
770 Ausar Thompson 20.95 2024 2024 DET SF 1341
71%
526 Austin Carr 24.38 1972 1981 CLE,DAL,WSB SG 17068
71%
87 Baron Davis 36.71 2000 2012 CHH,NOH,GSW,LAC,CLE,NYK PG 32485
71%
62 Ben Simmons 38.86 2018 2025 PHI,BRK PG 14727
71%
716 Ben Wallace 21.60 1997 2012 WSB,WAS,ORL,DET,CHI,CLE PF,C 26304
71%
14 Bill Russell 46.68 1957 1969 BOS C 52659
71%
60 Billy Cunningham 39.01 1966 1976 PHI SF,PF 27037
71%
935 Blue Edwards 19.38 1990 1999 UTA,MIL,BOS,VAN,MIA SF,SG 14306
71%
987 Bobby Jackson 18.87 1998 2009 DEN,MIN,SAC,MEM,NOK,HOU,NOH PG,SG 15338
71%
805 Brad Davis 20.57 1978 1992 LAL,IND,UTA,DAL PG 20696
71%
97 Bradley Beal 36.15 2013 2025 WAS,PHO SG 29210
71%
469 Brad Miller 25.22 1999 2012 CHH,CHI,IND,SAC,HOU,MIN C,PF 23150
71%
121 Brandon Ingram 34.76 2017 2025 LAL,NOP SF,PF 17658
71%
296 Brandon Miller 28.77 2024 2025 CHO SF 2503
71%
347 Brook Lopez 27.31 2009 2025 NJN,BRK,LAL,MIL C 30751
71%
912 Bruce Brown 19.58 2019 2024 DET,BRK,DEN,IND,TOR SG,PG,SF 8968
71%
384 Buck Williams 26.72 1982 1998 NJN,POR,NYK PF 37811
71%
42 Cade Cunningham 40.70 2022 2025 DET SG,PG 6308
71%
329 Campy Russell 27.80 1975 1985 CLE,NYK SF 16293
71%
704 Cam Thomas 21.72 2022 2025 BRK SG 4562
71%
593 Cazzie Russell 23.26 1967 1978 NYK,GSW,LAL,CHI SF 20678
71%
33 Chris Paul 42.83 2006 2025 NOK,NOH,LAC,HOU,OKC,PHO,GSW,SAS PG 61637
71%
498 Clifford Robinson 24.76 1990 2007 POR,PHO,DET,GSW,NJN PF,SF,C 37657
71%
210 Cliff Robinson 31.14 1980 1992 NJN,CLE,KCK,WSB,PHI,LAL PF,C,SF 20115
71%
41 Clyde Drexler 40.76 1984 1998 POR,HOU SG 50181
71%
407 Coby White 26.24 2020 2025 CHI PG,SG 9840
71%
961 Dale Davis 19.17 1992 2007 IND,POR,GSW,DET PF,C 23598
71%
27 Damian Lillard 44.11 2013 2025 POR,MIL PG 40671
71%
136 D'Angelo Russell 33.52 2016 2025 LAL,BRK,GSW,MIN PG 20886
71%
43 David Robinson 40.59 1990 2003 SAS C 45056
71%
127 David Thompson 34.14 1976 1984 DEN,SEA SG 18300
71%
54 De'Aaron Fox 39.53 2018 2025 SAC PG 19607
71%
645 Dee Brown 22.62 1991 2002 BOS,TOR,ORL PG,SG 14456
71%
113 DeMar DeRozan 35.20 2010 2025 TOR,SAS,CHI,SAC SG,SF,PF 41991
71%
89 Deron Williams 36.58 2006 2017 UTA,NJN,BRK,DAL,CLE PG 34202
71%
163 Derrick Rose 32.66 2009 2024 CHI,NYK,CLE,MIN,DET,MEM PG 25315
71%
450 Derrick White 25.56 2018 2025 SAS,BOS PG,SG 12984
71%
110 Dirk Nowitzki 35.36 1999 2019 DAL PF,C 58949
71%
244 Draymond Green 30.27 2013 2025 GSW SF,PF 29967
71%
161 Dwight Howard 32.77 2005 2022 ORL,LAL,HOU,ATL,CHO,WAS,PHI PF,C 44795
71%
693 Eddie Miller 21.92 1953 1954 BLB,MLH C 3157
71%
605 Flynn Robinson 23.05 1967 1974 CIN,CHI,MIL,LAL,BAL PG,SG 12007
71%
484 Fred Brown 25.00 1972 1984 SEA SG,PG 26151
71%
387 Fred Carter 26.69 1970 1977 BAL,PHI,MIL SG,PG 17056
71%
849 Freeman Williams 20.20 1979 1986 SDC,ATL,UTA,WSB SG 6545
71%
802 George Hill 20.62 2009 2023 SAS,IND,UTA,CLE,SAC,MIL,OKC,PHI PG,SG 21839
71%
829 George Thompson 20.32 1970 1975 MIL SG 1483
71%
556 Gerald Wallace 23.84 2002 2015 SAC,CHA,POR,NJN,BRK,BOS SF,PF 20621
71%
684 GG Jackson II 22.19 2024 2024 MEM PF 1065
71%
137 Glenn Robinson 33.48 1995 2005 MIL,ATL,PHI,SAS SF 24338
71%
164 Grant Hill 32.61 1995 2013 DET,ORL,PHO,LAC SF,SG 34729
71%
139 Gus Williams 33.36 1976 1987 GSW,SEA,WSB,ATL PG,SG 30827
71%
31 Hakeem Olajuwon 43.25 1985 2002 HOU,TOR C 59811
71%
743 Herb Williams 21.29 1982 1999 IND,DAL,NYK,TOR C,PF 24675
71%
559 Hot Rod Williams 23.80 1987 1999 CLE,PHO,DAL PF,C 22464
71%
227 Isaiah Thomas 30.62 2012 2024 SAC,BOS,PHO,CLE,LAL,DEN,WAS,NOP,CHO,DAL PG,SG 17850
71%
29 Isiah Thomas 43.64 1982 1994 DET PG 47563
71%
998 Jabari Brown 18.79 2015 2015 LAL SG 357
71%
199 Jalen Green 31.50 2022 2025 HOU SG 7654
71%
396 Jalen Rose 26.45 1995 2007 DEN,IND,CHI,TOR,NYK,PHO SF,SG,PG 25975
71%
184 Jalen Williams 31.94 2023 2025 OKC SG,PF 5590
71%
775 James Edwards 20.93 1978 1996 IND,LAL,CLE,PHO,DET,LAC,POR,CHI C 26766
71%
288 Jaren Jackson Jr. 28.96 2019 2025 MEM PF,C 10830
71%
354 Jarrett Allen 27.19 2018 2025 BRK,CLE C 14222
71%
561 Jarrett Jack 23.74 2006 2018 POR,IND,TOR,NOH,GSW,CLE,BRK,NOP,NYK SG,PG 21155
71%
66 Jason Kidd 38.44 1995 2013 DAL,PHO,NJN,NYK PG,SG 59551
71%
507 Jason Terry 24.64 2000 2018 ATL,DAL,BOS,BRK,HOU,MIL PG,SG 37803
71%
477 Jason Williams 25.11 1999 2011 SAC,MEM,MIA,ORL PG 21470
71%
234 Jaylen Brown 30.47 2017 2025 BOS SF,SG 20659
71%
48 Jayson Tatum 40.25 2018 2025 BOS SF,PF 25960
71%
623 Jay Williams 22.83 2003 2003 CHI PG 1712
71%
888 Jeff Green 19.70 2008 2025 SEA,OKC,BOS,MEM,LAC,ORL,CLE,WAS,HOU,UTA,BRK,DEN SF,PF,C 25517
71%
480 Jermaine O'Neal 25.05 1997 2014 POR,IND,MIA,TOR,BOS,PHO,GSW PF,C 27753
71%
853 Jim Fox 20.11 1968 1977 CIN,DET,PHO,CHI,SEA,MIL,NYN C 15548
71%
419 Jim Jackson 26.05 1993 2006 DAL,NJN,GSW,PHI,POR,ATL,CLE,MIA,SAC,HOU,PHO,LAL SF,SG 24303
71%
12 Joel Embiid 48.26 2017 2025 PHI C 23983
71%
519 Johnny Davis 24.48 1977 1986 POR,IND,ATL,CLE,WAS SG,PG 19680
71%
628 Johnny Green 22.80 1960 1973 NYK,BAL,PHI,SDR,CIN,KCO PF 24555
71%
32 John Wall 43.20 2011 2023 WAS,HOU,LAC PG 29548
71%
652 John Williams 22.57 1987 1995 WSB,LAC,IND SF 10110
71%
168 Jo Jo White 32.47 1970 1981 BOS,GSW,KCK PG 29774
71%
482 Josh Howard 25.02 2004 2013 DAL,WAS,UTA,MIN SF 14337
71%
824 Josh Jackson 20.35 2018 2022 PHO,MEM,DET,SAC SF,SG 5923
71%
82 Julius Randle 36.96 2015 2025 LAL,NOP,NYK,MIN PF,C 24835
71%
533 Juwan Howard 24.31 1995 2013 WSB,WAS,DAL,DEN,ORL,HOU,CHA,POR,MIA PF,SF,C 30558
71%
35 Karl-Anthony Towns 41.88 2016 2025 MIN,NYK C,PF 26135
71%
111 Kawhi Leonard 35.28 2012 2024 SAS,TOR,LAC SF 29457
71%
808 Kenny Thomas 20.55 2000 2010 HOU,PHI,SAC PF 13461
71%
799 Kevin Edwards 20.65 1989 2001 MIA,NJN,ORL,VAN SG,PG 12616
71%
73 Kevin Garnett 37.98 1996 2016 MIN,BOS,BRK SF,PF,C 60960
71%
225 Kevin Porter 30.64 1973 1983 BAL,CAP,WSB,DET,NJN PG 21200
71%
250 Kevin Porter Jr. 30.02 2020 2025 CLE,HOU,LAC SF,SG,PG 6455
71%
286 Klay Thompson 28.97 2012 2025 GSW,DAL SG,SF 28068
71%
36 Kobe Bryant 41.62 1997 2016 LAL SF,SG 65179
71%
181 Kyle Lowry 32.03 2007 2025 MEM,HOU,TOR,MIA,PHI PG 41317
71%
154 LaMarcus Aldridge 33.00 2007 2022 POR,SAS,BRK C,PF 37886
71%
30 LaMelo Ball 43.57 2021 2025 CHO PG 8844
71%
340 Lionel Simmons 27.53 1991 1997 SAC SF 12611
71%
182 Lonzo Ball 32.02 2018 2025 LAL,NOP,CHI PG 8166
71%
571 Lou Williams 23.59 2006 2022 PHI,ATL,TOR,LAL,HOU,LAC PG,SG 28594
71%
694 Lucious Jackson 21.90 1965 1972 PHI PF,C 12656
71%
402 Lucius Allen 26.35 1970 1979 SEA,MIL,LAL,KCK PG 19628
71%
409 Manu Ginobili 26.19 2003 2018 SAS SG 33388
71%
237 Marc Gasol 30.40 2009 2021 MEM,TOR,LAL C 30099
71%
236 Mark Jackson 30.45 1988 2004 NYK,LAC,IND,DEN,TOR,UTA,HOU PG 43456
71%
759 Mark Williams 21.06 2023 2024 CHO C 1306
71%
979 Marvin Williams 18.98 2006 2020 ATL,UTA,CHO,MIL PF,SF 21462
71%
499 Michael Carter-Williams 24.75 2014 2023 PHI,MIL,CHI,CHO,HOU,ORL PG,SG 10171
71%
443 Michael Porter Jr. 25.65 2020 2025 DEN SF 8849
71%
318 Michael Redd 28.11 2001 2012 MIL,PHO SG,SF 18132
71%
368 Micheal Williams 26.95 1989 1999 DET,CHH,PHO,IND,MIN,TOR PG 11561
71%
876 Mike Miller 19.90 2001 2017 ORL,MEM,MIN,WAS,MIA,CLE,DEN SF,SG 22413
71%
881 Mitchell Robinson 19.79 2019 2024 NYK C 6668
71%
420 Mo Williams 26.04 2004 2016 UTA,MIL,CLE,LAC,POR,CHO,MIN SG,PG 22919
71%
370 Mychal Thompson 26.94 1979 1991 POR,LAL,SAS C,PF 27990
71%
867 Nate Robinson 19.96 2006 2016 NYK,BOS,OKC,GSW,CHI,DEN,LAC,NOP PG 12975
71%
873 Nate Williams 19.91 1972 1979 CIN,KCO,NOJ,GSW SG,SF 12783
71%
955 Naz Reid 19.22 2020 2025 MIN C 6995
71%
941 Oliver Miller 19.35 1993 2004 PHO,DET,TOR,DAL,SAC,MIN C,PF 10486
71%
909 Otto Porter Jr. 19.59 2014 2024 WAS,CHI,ORL,GSW,TOR SF,PF 11305
71%
125 Pau Gasol 34.60 2002 2019 MEM,LAL,CHI,SAS,MIL PF,C 47120
71%
742 P.J. Brown 21.29 1994 2008 NJN,MIA,CHH,NOH,NOK,CHI,BOS C,PF 25442
71%
386 Rasheed Wallace 26.69 1996 2013 WSB,POR,ATL,DET,BOS,NYK PF,C 34329
71%
239 Ray Allen 30.38 1997 2014 MIL,SEA,BOS,MIA SG 44694
71%
173 Ray Williams 32.34 1978 1987 NYK,NJN,KCK,BOS,ATL,SAS PG,SG 22476
71%
277 Red Kerr 29.20 1955 1966 SYR,PHI,BAL C 28644
71%
543 Reggie Jackson 24.04 2012 2025 OKC,DET,LAC,DEN,PHI PG,SG 22838
71%
303 Reggie Miller 28.59 1988 2005 IND SG 43829
71%
587 Reggie Williams 23.34 1988 1997 LAC,CLE,SAS,DEN,IND,NJN SF 14540
71%
563 Rickey Green 23.74 1978 1992 GSW,DET,UTA,CHH,MIL,IND,PHI,BOS PG 23762
71%
865 Rick Fox 19.97 1992 2004 BOS,LAL SF 20788
71%
501 Ricky Davis 24.73 1999 2010 CHH,MIA,CLE,BOS,MIN,LAC SG,SF 18473
71%
621 Rob Williams 22.85 1983 1984 DEN PG 3770
71%
101 Scottie Pippen 35.97 1988 2004 CHI,HOU,POR SF 49859
71%
476 Scotty Pippen Jr. 25.13 2023 2025 LAL,MEM PG 1131
71%
53 Shai Gilgeous-Alexander 39.85 2019 2025 LAC,OKC PG,SG 17057
71%
34 Shaquille O'Neal 42.67 1993 2011 ORL,LAL,MIA,PHO,CLE,BOS C 60716
71%
844 Si Green 20.25 1957 1966 ROC,CIN,STL,CHP,CHZ,BAL,BOS SG,PG 11038
71%
905 Slick Leonard 19.63 1957 1963 MNL,LAL,CHP,CHZ PG 9029
71%
841 Sly Williams 20.27 1980 1986 NYK,ATL,BOS SF,PF 6324
71%
389 Stephen Jackson 26.64 2001 2014 NJN,SAS,ATL,IND,GSW,CHA,MIL,LAC SF,SG,PF 24776
71%
321 Terry Porter 28.00 1986 2002 POR,MIN,MIA,SAS PG 39140
71%
61 Tim Hardaway 38.95 1990 2003 GSW,MIA,DAL,DEN,IND PG 35951
71%
781 Tim Hardaway Jr. 20.87 2014 2025 NYK,ATL,DAL,DET SG,SF 16574
71%
872 Tim Thomas 19.92 1998 2010 PHI,MIL,NYK,CHI,PHO,LAC,DAL SF,PF 17510
71%
938 Tristan Thompson 19.37 2012 2025 CLE,BOS,CHI,IND,SAC,LAL PF,C 17258
71%
294 Truck Robinson 28.78 1975 1985 WSB,ATL,NOJ,PHO,NYK PF 24350
71%
44 Tyrese Haliburton 40.52 2021 2025 SAC,IND PG,SG 11912
71%
838 Tyrone Hill 20.27 1991 2004 GSW,CLE,MIL,PHI,MIA PF,C 17739
71%
291 Vince Carter 28.84 1999 2020 TOR,NJN,ORL,PHO,DAL,MEM,SAC,ATL SF,SG,PF 46981
71%
947 Vince Williams Jr. 19.29 2023 2024 MEM SG 1350
71%
871 Voshon Lenard 19.93 1996 2006 MIA,DEN,TOR,POR SG 11878
71%
221 Walter Davis 30.75 1978 1992 PHO,DEN,POR SF,SG 34161
71%
731 Walt Williams 21.44 1993 2003 SAC,MIA,TOR,POR,HOU,DAL SF 15927
71%
410 Wendell Carter Jr. 26.18 2019 2025 CHI,ORL C,PF 8588
71%
118 Willis Reed 34.97 1965 1974 NYK C,PF 25461
71%
132 Yao Ming 33.68 2003 2011 HOU C 17313
71%
39 Zion Williamson 41.25 2020 2025 NOP PF 7878
71%
394 Aaron Gordon 26.54 2015 2025 ORL,DEN PF,SF 19324
64%
271 Al Horford 29.33 2008 2025 ATL,BOS,PHI,OKC C 37479
64%
295 Al Jefferson 28.78 2005 2018 BOS,MIN,UTA,CHA,CHO,IND PF,C 26940
64%
231 Alonzo Mourning 30.53 1993 2008 CHH,MIA,NJN C,PF 28488
64%
204 Alvan Adams 31.36 1976 1988 PHO C,PF 33431
64%
546 Andrew Bogut 24.03 2006 2019 MIL,GSW,CLE,DAL,LAL PF,C 18814
64%
280 Andrew Wiggins 29.12 2015 2025 MIN,GSW SF,PF 22247
64%
574 Ben Gordon 23.53 2005 2015 CHI,DET,CHA,ORL SG 18185
64%
317 Bill Laimbeer 28.15 1981 1994 CLE,DET C 33241
64%
150 Bill Walton 33.09 1975 1987 POR,SDC,LAC,BOS C 17109
64%
98 Blake Griffin 36.11 2011 2023 LAC,DET,BRK,BOS PF,C 30078
64%
528 Bobby Jones 24.36 1975 1986 DEN,PHI PF 21898
64%
63 Bob Cousy 38.81 1951 1970 BOS,CIN PG 40094
64%
355 Bob Love 27.17 1967 1977 CIN,CHI,MIL,NYN,SEA PF,SF 22718
64%
11 Bob Pettit 48.29 1955 1965 MLH,STL PF,C 42493
64%
107 Carmelo Anthony 35.60 2004 2022 DEN,NYK,OKC,HOU,POR,LAL SF,PF 47843
64%
488 Caron Butler 24.96 2003 2016 MIA,LAL,WAS,DAL,LAC,MIL,OKC,DET,SAC SF,SG 23616
64%
238 Chauncey Billups 30.39 1998 2014 BOS,TOR,DEN,MIN,DET,NYK,LAC PG,SG 36136
64%
771 Chris Mills 20.95 1994 2003 CLE,NYK,GSW SF,PF 12297
64%
220 Chris Mullin 30.80 1986 2001 GSW,IND SG,SF 32558
64%
835 Clyde Lee 20.28 1967 1976 SFW,GSW,ATL,PHI C,PF 16081
64%
432 Cole Anthony 25.82 2021 2025 ORL PG 7152
64%
616 Dale Ellis 22.92 1984 2000 DAL,SEA,MIL,SAS,DEN,CHH SF,SG 29387
64%
356 David Lee 27.17 2006 2017 NYK,GSW,BOS,DAL,SAS SF,PF,C 23693
64%
187 Deandre Ayton 31.81 2019 2025 PHO,POR C 13169
64%
151 Dejounte Murray 33.06 2017 2025 SAS,ATL,NOP PG,SG 16463
64%
523 Dennis Rodman 24.40 1987 2000 DET,SAS,CHI,LAL,DAL SF,PF 26349
64%
49 Devin Booker 39.94 2016 2025 PHO SG,PG 26400
64%
471 Dikembe Mutombo 25.20 1992 2009 DEN,ATL,PHI,NJN,NYK,HOU C 32678
64%
46 Donovan Mitchell 40.50 2018 2025 UTA,CLE SG,PG 21830
64%
267 Doug Collins 29.56 1974 1981 PHI SG 13212
64%
52 Dwyane Wade 39.87 2004 2019 MIA,CHI,CLE PG,SG 49075
64%
247 Earl Monroe 30.09 1968 1980 BAL,NYK SG,PG 30326
64%
379 Eddie Jones 26.82 1995 2008 LAL,CHH,MIA,MEM,DAL SG,SF 27760
64%
373 Elfrid Payton 26.92 2015 2022 ORL,PHO,NOP,NYK PG 13647
64%
8 Elgin Baylor 49.33 1959 1972 MNL,LAL SF 48341
64%
525 Eric Gordon 24.39 2009 2025 LAC,NOH,NOP,HOU,PHO,PHI SG,SF 23509
64%
115 Gary Payton 35.15 1991 2007 SEA,MIL,LAL,BOS,MIA PG 52344
64%
65 George Gervin 38.56 1973 1986 SAS,CHI SF,SG 32779
64%
71 George Mikan 38.25 1949 1956 MNL C 19468
64%
397 Greg Monroe 26.45 2011 2022 DET,MIL,BOS,PHO,PHI,TOR,MIN,UTA,WAS C,PF 17853
64%
773 Herbert Jones 20.94 2022 2025 NOP PF,SF 5005
64%
611 Jack George 22.99 1954 1961 PHW,NYK PG,SG 12138
64%
194 Jalen Brunson 31.57 2019 2025 DAL,NYK PG,SG 15408
64%
156 Jamal Murray 32.94 2017 2025 DEN SG,PG 18020
64%
119 Jimmy Butler 34.94 2012 2025 CHI,MIN,PHI,MIA SG,SF,PF 33052
64%
320 John Collins 28.04 2018 2025 ATL,UTA PF 13403
64%
81 John Havlicek 37.39 1963 1978 BOS SF,SG 53911
64%
263 John Williamson 29.63 1974 1981 IND,NYN,NJN,WSB SG 8651
64%
352 Jordan Poole 27.22 2020 2025 GSW,WAS SG,PG 10753
64%
956 K.C. Jones 19.21 1959 1967 BOS PG 15006
64%
584 Keegan Murray 23.40 2023 2025 SAC SF,PF 4305
64%
399 Keith Van Horn 26.41 1998 2006 NJN,PHI,MIL,NYK,DAL PF,SF 16694
64%
201 Kevin Love 31.45 2009 2024 MIN,CLE,MIA C,PF 32361
64%
218 Kevin McHale 30.84 1981 1993 BOS PF 35160
64%
597 Kevin Willis 23.22 1985 2007 ATL,MIA,GSW,HOU,TOR,DEN,SAS,DAL PF,C 35344
64%
422 Keyonte George 26.00 2024 2025 UTA PG 2340
64%
192 Khris Middleton 31.64 2013 2024 DET,MIL SG,SF 25915
64%
140 Kristaps Porzingis 33.34 2016 2024 NYK,DAL,WAS,BOS PF,C 15901
64%
842 Kyshawn George 20.27 2025 2025 WAS SG 304
64%
953 Lamond Murray 19.24 1995 2006 LAC,CLE,TOR,NJN SF 14429
64%
613 LaPhonso Ellis 22.97 1993 2003 DEN,ATL,MIN,MIA PF,SF 14702
64%
798 Leroy Ellis 20.69 1963 1976 LAL,BAL,POR,PHI C,PF 23006
64%
176 Michael Adams 32.17 1986 1996 SAC,WSB,DEN,CHH PG 21650
64%
229 Mike Conley 30.56 2008 2025 MEM,UTA,MIN PG 36945
64%
276 Mike Mitchell 29.25 1979 1988 CLE,SAS SF 23223
64%
175 Monta Ellis 32.21 2006 2017 GSW,MIL,DAL,IND SG 28051
64%
116 Nikola Vucevic 35.09 2012 2025 PHI,ORL,CHI C 32878
64%
55 Paolo Banchero 39.50 2023 2025 ORL PF 6478
64%
155 Pascal Siakam 33.00 2017 2025 TOR,IND PF 21120
64%
83 Paul George 36.85 2011 2025 IND,OKC,LAC,PHI SG,SF,PF 36486
64%
128 Paul Pierce 34.02 1999 2017 BOS,BRK,WAS,LAC SF,SG 51469
64%
732 Richard Jefferson 21.43 2002 2018 NJN,MIL,SAS,GSW,UTA,DAL,CLE,DEN SF 28314
64%
818 Rich Jones 20.44 1970 1977 NYN SF 695
64%
690 Ricky Pierce 22.02 1983 1998 DET,SDC,MIL,SEA,GSW,IND,CHH,DEN SG,PG 23470
64%
940 Rondae Hollis-Jefferson 19.37 2016 2021 BRK,TOR,POR SF,PF 6178
64%
884 Ron Lee 19.78 1977 1982 PHO,NOJ,ATL,DET PG 8899
64%
255 Rudy Gobert 29.78 2014 2025 UTA,MIN C 25106
64%
558 Saddiq Bey 23.81 2021 2024 DET,ATL SF 7119
64%
330 Sam Jones 27.78 1958 1969 BOS SG 28477
64%
287 Shawn Kemp 28.96 1990 2003 SEA,CLE,POR,ORL PF,C 32986
64%
697 Steven Adams 21.85 2014 2025 OKC,NOP,MEM,HOU C 17041
64%
109 Steve Nash 35.45 1997 2014 PHO,DAL,LAL PG 47396
64%
929 Talen Horton-Tucker 19.45 2020 2025 LAL,UTA,CHI SG,PG 5175
64%
735 Tayshaun Prince 21.39 2003 2016 DET,MEM,BOS,MIN SF 24752
64%
892 Terrence Jones 19.68 2013 2019 HOU,MIL,NOP PF 5098
64%
914 Terry Mills 19.55 1991 2001 DEN,NJN,DET,MIA,IND PF 13586
64%
94 Tracy McGrady 36.35 1998 2012 TOR,ORL,HOU,NYK,DET,ATL,SAS SF,SG 35915
64%
707 Tre Jones 21.68 2021 2025 SAS PG 5573
64%
967 Tyus Jones 19.11 2016 2025 MIN,MEM,WAS,PHO PG 12348
64%
950 Wah Wah Jones 19.27 1950 1952 INO PF 2813
64%
981 Wali Jones 18.96 1965 1976 BAL,PHI,MIL,DET SG,PG 12837
64%
134 Wes Unseld 33.63 1969 1981 BAL,CAP,WSB C 37097
64%
724 Wil Jones 21.52 1970 1978 IND,BUF PF 3421
64%
131 Zach LaVine 33.69 2015 2025 MIN,CHI PG,SG,SF 20248
64%
686 Albert King 22.15 1982 1992 NJN,PHI,SAS,WSB SF 12291
57%
99 Alex English 36.04 1977 1991 MIL,IND,DEN,DAL SF 45450
57%
211 Amar'e Stoudemire 31.11 2003 2016 PHO,NYK,DAL,MIA PF,C 28746
57%
468 Arvydas Sabonis 25.22 1996 2003 POR C 13142
57%
447 Austin Reaves 25.62 2022 2025 LAL SG 6327
57%
146 Bam Adebayo 33.19 2018 2025 MIA C,PF 19282
57%
100 Bernard King 36.04 1978 1993 NJN,UTA,GSW,NYK,WSB SF 32505
57%
635 Bill Bradley 22.70 1968 1977 NYK SF 19004
57%
275 Brandon Jennings 29.25 2010 2018 MIL,DET,ORL,NYK,WAS PG 16965
57%
944 Brent Barry 19.31 1996 2009 LAC,MIA,CHI,SEA,SAS,HOU SG,SF 19307
57%
728 Brian Grant 21.45 1995 2006 SAC,POR,MIA,LAL,PHO PF,SF,C 17463
57%
552 Bryant Reeves 23.89 1996 2001 VAN C 9438
57%
178 Chet Holmgren 32.11 2024 2025 OKC C 3275
57%
149 Chris Bosh 33.09 2004 2016 TOR,MIA C,PF 32499
57%
38 Chris Webber 41.40 1994 2008 GSW,WSB,WAS,SAC,PHI,DET C,PF 37711
57%
183 CJ McCollum 32.01 2014 2025 POR,NOP SG,PG 25893
57%
383 Cuttino Mobley 26.73 1999 2009 HOU,ORL,SAC,LAC PG,SG 20662
57%
254 Damon Stoudamire 29.84 1996 2008 TOR,POR,MEM,SAS PG 27777
57%
103 Darius Garland 35.71 2020 2025 CLE SG,PG 12248
57%
649 Darryl Dawkins 22.58 1976 1989 PHI,NJN,DET,UTA C 18857
57%
157 Dave DeBusschere 32.93 1963 1974 DET,NYK SF,PF 31979
57%
77 DeMarcus Cousins 37.62 2011 2022 SAC,NOP,GSW,HOU,LAC,DEN,MIL C 25357
57%
349 Dennis Schroder 27.28 2014 2025 ATL,OKC,LAL,BOS,HOU,BRK,TOR PG,SG 23295
57%
622 Derek Anderson 22.84 1998 2008 CLE,LAC,SAS,POR,HOU,MIA,CHA SF,SG,PG 14594
57%
706 Devin Harris 21.71 2005 2019 DAL,NJN,UTA,ATL,DEN PG,SG 22774
57%
341 Doc Rivers 27.51 1984 1996 ATL,LAC,NYK,SAS PG 25996
57%
84 Domantas Sabonis 36.75 2017 2025 OKC,IND,SAC PF,C 22636
57%
67 Dominique Wilkins 38.41 1983 1999 ATL,LAC,BOS,SAS,ORL SF 43403
57%
167 Evan Mobley 32.48 2022 2025 CLE PF 7601
57%
691 Evan Turner 22.01 2011 2020 PHI,IND,BOS,POR,ATL SG,SF,PG 16900
57%
198 Franz Wagner 31.50 2022 2025 ORL SF 8096
57%
224 Fred VanVleet 30.64 2017 2025 TOR,HOU PG,SG 17161
57%
666 Gary Grant 22.40 1989 2001 LAC,NYK,MIA,POR PG 12745
57%
564 George King 23.73 1952 1958 SYR,CIN PG 10678
57%
596 Gerald Wilkins 23.24 1986 1999 NYK,CLE,VAN,ORL SG,SF 22197
57%
614 Harrison Barnes 22.97 2013 2025 GSW,DAL,SAC,SAS SF,PF 22994
57%
440 Horace Grant 25.69 1988 2004 CHI,ORL,SEA,LAL PF,C 34296
57%
511 Jamal Crawford 24.63 2001 2020 CHI,NYK,GSW,ATL,POR,LAC,MIN,PHO,BRK PG,SG 34500
57%
212 James Worthy 31.10 1983 1994 LAL SF,PF 33243
57%
290 Jason Richardson 28.86 2002 2015 GSW,CHA,PHO,ORL,PHI SG,SF 25805
57%
705 Jerami Grant 21.72 2015 2025 PHI,OKC,DEN,DET,POR SF,PF 15746
57%
975 JJ Redick 19.00 2007 2021 ORL,MIL,LAC,PHI,NOP,DAL PG,SG 19953
57%
428 Johnny Dawkins 25.92 1987 1995 SAS,PHI,DET PG 14360
57%
749 Jordan Crawford 21.16 2011 2018 ATL,WAS,BOS,GSW,NOP SG,PG 6220
57%
753 Josh Richardson 21.11 2016 2024 MIA,PHI,DAL,BOS,SAS,NOP SG,SF 12371
57%
117 Jrue Holiday 34.98 2010 2025 PHI,NOP,MIL,BOS PG,SG 37815
57%
285 Kenny Anderson 29.01 1992 2005 NJN,CHH,POR,BOS,NOH,SEA,IND,ATL,LAC PG 25935
57%
223 Lamar Odom 30.65 2000 2013 LAC,MIA,LAL,DAL SF,PF 32762
57%
124 Lenny Wilkens 34.68 1961 1975 STL,SEA,CLE,POR PG 39572
57%
367 Luol Deng 26.98 2005 2019 CHI,CLE,MIA,LAL,MIN SF,PF 26009
57%
431 Marcus Smart 25.83 2015 2025 BOS,MEM PG,SG 18549
57%
927 Marvin Barnes 19.48 1975 1980 DET,BUF,BOS,SDC PF 3331
57%
80 Micheal Ray Richardson 37.40 1979 1986 NYK,GSW,NJN PG,SG 21469
57%
141 Mitch Richmond 33.33 1989 2002 GSW,SAC,WAS,LAL SG 33298
57%
415 Myles Turner 26.08 2016 2025 IND C 16429
57%
398 Nick Anderson 26.44 1990 2002 ORL,SAC,MEM SG,SF 22448
57%
50 Pete Maravich 39.91 1971 1980 ATL,NOJ,BOS,UTA SG 27297
57%
311 Pooh Richardson 28.32 1990 1999 MIN,IND,LAC PG 18265
57%
188 Ralph Sampson 31.76 1984 1992 HOU,GSW,SAC,WSB C,PF 15689
57%
879 Reggie King 19.84 1980 1985 KCK,SEA PF,SF 9148
57%
309 Richard Hamilton 28.37 2000 2013 WAS,DET,CHI SG,SF 29812
57%
37 Rick Barry 41.53 1966 1980 SFW,GSW,HOU SF 36046
57%
462 Rik Smits 25.28 1989 2000 IND C 24549
57%
298 Robert Parish 28.69 1977 1997 GSW,BOS,CHH,CHI C 51496
57%
314 Rolando Blackman 28.27 1982 1994 DAL,NYK SG 29652
57%
353 Rudy Gay 27.22 2007 2023 MEM,TOR,SAC,SAS,UTA SF,PF 31033
57%
900 Ryan Anderson 19.65 2009 2020 NJN,ORL,NOH,NOP,HOU,MIA,PHO PF,C 13658
57%
208 Sam Cassell 31.24 1994 2008 HOU,DAL,NJN,PHO,MIL,MIN,LAC,BOS PG 35268
57%
669 Sam Perkins 22.38 1985 2001 DAL,LAL,SEA,IND PF,SF,C 32511
57%
106 Scottie Barnes 35.67 2022 2025 TOR PF,SF,SG 7954
57%
283 Sidney Moncrief 29.04 1980 1991 MIL,ATL SG,PG 24976
57%
553 Spud Webb 23.87 1986 1998 ATL,SAC,MIN,ORL PG 20365
57%
92 Tiny Archibald 36.48 1971 1984 CIN,KCO,KCK,NYN,BOS,MIL PG 33671
57%
297 Tobias Harris 28.70 2012 2025 MIL,ORL,DET,LAC,PHI SF,PF 28067
57%
274 Tom Chambers 29.27 1982 1998 SDC,SEA,PHO,UTA,CHH,PHI PF 35557
57%
214 Tyler Herro 31.01 2020 2025 MIA SG 10793
57%
241 Tyrese Maxey 30.37 2021 2025 PHI SG,PG 9658
57%
822 Tyson Chandler 20.40 2002 2020 CHI,NOK,NOH,CHA,DAL,NYK,PHO,LAL,HOU C,PF 25219
57%
513 Willie Anderson 24.60 1989 1997 SAS,NYK,TOR,MIA SF,SG 14932
57%
659 Wilson Chandler 22.50 2008 2020 NYK,DEN,LAC,PHI,BRK SF,SG,PF 15547
57%
607 Winston Garland 23.03 1988 1995 GSW,LAC,DEN,HOU,MIN PG 12229
57%
233 Zach Randolph 30.47 2002 2018 POR,NYK,LAC,MEM,SAC PF,C 36141
57%
86 Adrian Dantley 36.72 1977 1991 BUF,IND,LAL,UTA,DET,DAL,MIL SF 37752
50%
922 Al Wood 19.51 1982 1987 ATL,SDC,SEA,DAL SG,SF 8233
50%
416 Andre Iguodala 26.05 2005 2023 PHI,DEN,GSW,MIA SG,SF,PF 36685
50%
268 Archie Clark 29.46 1967 1976 LAL,PHI,BAL,CAP,SEA,DET SG,PG 23454
50%
615 Bill Cartwright 22.93 1980 1995 NYK,CHI,SEA C 24930
50%
69 Bob Lanier 38.36 1971 1984 DET,MIL C 39357
50%
78 Bob McAdoo 37.57 1973 1986 BUF,NYK,BOS,DET,NJN,LAL,PHI PF,C 35541
50%
435 Bogdan Bogdanovic 25.81 2018 2025 SAC,ATL SG 12543
50%
617 Bojan Bogdanovic 22.92 2015 2024 BRK,WAS,IND,UTA,DET,NYK SF,PF 17647
50%
831 Brandon Clarke 20.30 2020 2025 MEM PF 5582
50%
142 Brandon Roy 33.30 2007 2013 POR,MIN SG 11357
50%
856 Chris Morris 20.10 1989 1999 NJN,UTA,PHO SF,SG 16405
50%
496 Christian Wood 24.78 2016 2024 PHI,CHO,MIL,NOP,DET,HOU,DAL,LAL PF,C 8399
50%
307 Derek Harper 28.41 1984 1999 DAL,NYK,ORL,LAL PG,SG 36817
50%
342 Detlef Schrempf 27.44 1986 2001 DAL,IND,SEA,POR SF,PF 34295
50%
56 Elvin Hayes 39.42 1969 1984 SDR,HOU,BAL,CAP,WSB C,PF 55150
50%
88 Gilbert Arenas 36.58 2002 2012 GSW,WAS,ORL,MEM PG 21327
50%
166 Hal Greer 32.54 1959 1973 SYR,PHI SG,PG 39498
50%
278 Jeff Hornacek 29.16 1987 2000 PHO,PHI,UTA SG,PG 35493
50%
381 Jeff Teague 26.76 2010 2021 ATL,IND,MIN,BOS,MIL PG 24429
50%
698 Jim Price 21.80 1973 1979 LAL,MIL,BUF,DEN,DET PG 11619
50%
689 Jim Washington 22.04 1966 1976 STL,CHI,PHI,ATL,BUF PF,C,SF 17983
50%
319 Jusuf Nurkic 28.09 2015 2025 DEN,POR,PHO C 16123
50%
682 Kermit Washington 22.19 1974 1988 LAL,BOS,SDC,POR,GSW PF 11450
50%
603 Killian Hayes 23.05 2021 2024 DET PG 4841
50%
270 Kyle Kuzma 29.37 2018 2025 LAL,WAS PF,SF 15097
50%
266 Lauri Markkanen 29.57 2018 2025 CHI,CLE,UTA PF,SF 12360
50%
269 Malcolm Brogdon 29.38 2017 2024 MIL,IND,BOS,POR,WAS SG,PG 14335
50%
830 Marcus Morris 20.31 2012 2024 HOU,PHO,DET,BOS,LAC,NYK,CLE,PHI PF,SF 18480
50%
949 Markieff Morris 19.28 2012 2024 PHO,WAS,OKC,DET,LAL,MIA,BRK,DAL PF 15980
50%
162 Mark Price 32.72 1987 1998 CLE,WSB,GSW,ORL PG 25164
50%
246 Maurice Cheeks 30.16 1979 1993 PHI,NYK,SAS,ATL,NJN PG 37218
50%
971 Max Morris 19.08 1950 1950 SHE 1240
50%
459 Metta World Peace 25.33 2000 2017 CHI,IND,SAC,HOU,LAL,NYK SF 27254
50%
401 Michael Finley 26.37 1996 2010 PHO,DAL,SAS,BOS SF,SG 32490
50%
262 Mike Bibby 29.64 1999 2012 VAN,SAC,ATL,MIA,WAS,NYK PG 32786
50%
848 Monte Morris 20.21 2018 2025 DEN,WAS,DET,MIN,PHO PG 8975
50%
382 Paul Millsap 26.74 2007 2022 UTA,ATL,DEN,BRK,PHI PF,C 32487
50%
932 Pearl Washington 19.42 1987 1989 NJN,MIA PG 3767
50%
434 Peja Stojakovic 25.81 1999 2011 SAC,IND,NOK,NOH,DAL,TOR SF 23205
50%
493 P.J. Washington 24.80 2020 2025 CHO,DAL PF,C 9177
50%
169 Rajon Rondo 32.45 2007 2022 BOS,DAL,SAC,CHI,NOP,LAL,ATL,LAC,CLE PG 35469
50%
904 Richard Washington 19.63 1977 1982 KCK,MIL,CLE,DAL PF 7107
50%
144 Rod Strickland 33.25 1989 2005 NYK,SAS,POR,WSB,WAS,MIA,MIN,ORL,TOR,HOU PG,SG 38105
50%
343 Ron Harper 27.43 1987 2001 CLE,LAC,CHI,LAL SG,PG 30753
50%
636 Serge Ibaka 22.70 2010 2023 OKC,ORL,TOR,LAC,MIL PF,C 24315
50%
752 Trevor Ariza 21.12 2005 2022 NYK,ORL,LAL,HOU,NOH,WAS,PHO,POR,SAC,MIA SF,SG 25848
50%
202 Tyreke Evans 31.43 2010 2019 SAC,NOP,MEM,IND SG,SF,PG 18921
50%
160 Alperen Sengun 32.83 2022 2025 HOU C 7485
43%
453 Andrei Kirilenko 25.51 2002 2015 UTA,MIN,BRK SF,PF 21733
43%
620 Andrew Bynum 22.86 2006 2014 LAL,CLE,IND C 11246
43%
230 Antawn Jamison 30.55 1999 2014 GSW,DAL,WAS,CLE,LAL,LAC SF,PF 34496
43%
449 Bob Boozer 25.56 1961 1971 CIN,NYK,LAL,CHI,SEA,MIL PF,SF 23570
43%
685 Bobby Portis 22.17 2016 2025 CHI,WAS,NYK,MIL PF,C 14854
43%
671 Bonzi Wells 22.35 1999 2008 POR,MEM,SAC,HOU,NOH SF,SG 14280
43%
767 Boris Diaw 20.97 2004 2017 ATL,PHO,CHA,SAS,UTA SG,PF 24804
43%
1000 Bubbles Hawkins 18.79 1976 1979 GSW,NYN,NJN,DET SG 2029
43%
425 Buddy Hield 25.95 2017 2025 NOP,SAC,IND,PHI,GSW SG,SF 16998
43%
599 Byron Scott 23.14 1984 1997 LAL,IND,VAN SG,PG 29065
43%
251 Calvin Murphy 30.01 1971 1983 SDR,HOU PG,SG 31604
43%
190 Carlos Boozer 31.73 2003 2015 CLE,UTA,CHI,LAL PF,C 29949
43%
444 Charles Oakley 25.65 1986 2004 CHI,NYK,TOR,WAS,HOU PF,C 36572
43%
171 Charlie Scott 32.35 1971 1980 PHO,BOS,LAL,DEN PG,SG 19185
43%
405 Clint Capela 26.28 2015 2025 HOU,ATL C 18872
43%
133 Connie Hawkins 33.65 1968 1976 PHO,LAL,ATL SF,PF 17193
43%
538 Danilo Gallinari 24.22 2009 2024 NYK,DEN,LAC,OKC,ATL,DET,MIL,WAS SG,SF,PF 20103
43%
380 Danny Granger 26.80 2006 2015 IND,LAC,MIA SF 16645
43%
430 Danny Manning 25.83 1989 2003 LAC,ATL,PHO,MIL,UTA,DAL,DET PF 23923
43%
757 Darrell Armstrong 21.07 1995 2008 ORL,NOH,DAL,IND,NJN PG 18771
43%
421 Darren Collison 26.01 2010 2022 NOH,IND,DAL,LAC,SAC,LAL PG 19536
43%
45 Dave Cowens 40.51 1971 1983 BOS,MIL C,PF 34636
43%
786 Dennis Scott 20.81 1991 2000 ORL,DAL,PHO,MIN,NYK,VAN SG,SF 14029
43%
102 Dolph Schayes 35.95 1950 1964 SYR,PHI PF,C 39290
43%
491 Doug Christie 24.87 1993 2007 LAL,NYK,TOR,SAC,ORL,DAL,LAC SG,SF 22010
43%
629 Drazen Petrovic 22.79 1990 1993 POR,NJN SG 7269
43%
216 Elton Brand 30.94 2000 2016 CHI,LAC,PHI,DAL,ATL PF,C 33975
43%
305 Eric Bledsoe 28.46 2011 2022 LAC,PHO,MIL,NOP PG,SG 22883
43%
122 Fat Lever 34.73 1983 1994 POR,DEN,DAL PG,SG 27787
43%
196 Gail Goodrich 31.56 1966 1979 LAL,PHO,NOJ SG,PG 35061
43%
322 Glen Rice 27.99 1990 2004 MIA,CHH,LAL,NYK,HOU,LAC SF 29532
43%
331 Gordon Hayward 27.77 2011 2024 UTA,BOS,CHO,OKC SF,PF 24187
43%
812 Grant Long 20.53 1989 2003 MIA,ATL,DET,VAN,MEM,BOS PF 21454
43%
717 Hedo Turkoglu 21.58 2001 2015 SAC,SAS,ORL,TOR,PHO,LAC SF,PF 23868
43%
417 Hersey Hawkins 26.05 1989 2001 PHI,CHH,SEA,CHI SG 27535
43%
138 Jack Sikma 33.38 1978 1991 SEA,MIL PF,C 40360
43%
931 Jaylen Wells 19.44 2025 2025 MEM SG 350
43%
333 Jeff Mullins 27.72 1965 1976 STL,SFW,GSW SG 24587
43%
70 Jerry Lucas 38.35 1964 1974 CIN,SFW,NYK PF,C 34556
43%
313 Joe Dumars 28.27 1986 1999 DET SG,PG 31943
43%
740 John Long 21.32 1979 1997 DET,IND,ATL,TOR SG 19527
43%
315 John Lucas 28.21 1977 1990 HOU,GSW,WSB,SAS,MIL,SEA SG,PG 27450
43%
376 Jonas Valanciunas 26.88 2013 2025 TOR,MEM,NOP,WAS C 25190
43%
445 Jordan Clarkson 25.62 2015 2025 LAL,CLE,UTA PG,SG 19778
43%
148 Josh Giddey 33.10 2022 2025 OKC,CHI SF,PF,SG,PG 7944
43%
554 Josh Hart 23.87 2018 2025 LAL,NOP,POR,NYK SG,SF 11791
43%
745 Kelly Olynyk 21.24 2014 2024 BOS,MIA,HOU,DET,UTA,TOR C,PF 17074
43%
452 Kendall Gill 25.52 1991 2005 CHH,SEA,NJN,MIA,MIN,CHI,MIL SG,SF 25340
43%
632 Kenny Carr 22.76 1978 1987 LAL,CLE,DET,POR PF 16140
43%
948 Kentavious Caldwell-Pope 19.28 2014 2025 DET,LAL,WAS,DEN,ORL SG 17659
43%
460 Kenyon Martin 25.29 2001 2015 NJN,DEN,LAC,NYK,MIL PF,C 21981
43%
478 Kevin Martin 25.11 2005 2016 SAC,HOU,OKC,MIN,SAS PG,SG 18478
43%
502 Kirk Hinrich 24.69 2004 2016 CHI,ATL,WAS PG,SG 23453
43%
174 Latrell Sprewell 32.28 1993 2005 GSW,NYK,MIN SG,SF 31471
43%
906 Mark Eaton 19.63 1983 1993 UTA C 18627
43%
273 Maurice Lucas 29.27 1975 1988 POR,NJN,NYK,PHO,LAL,SEA PF 27426
43%
674 Michael Cooper 22.33 1979 1990 LAL SG 23246
43%
130 Mookie Blaylock 33.75 1990 2002 NJN,ATL,GSW PG 31829
43%
104 Nate Thurmond 35.70 1964 1977 SFW,GSW,CHI,CLE PF,C 37308
43%
108 Neil Johnston 35.56 1952 1959 PHW C 19168
43%
215 Nick Van Exel 30.94 1994 2006 LAL,DEN,DAL,GSW,POR,SAS PG,SG 29582
43%
85 Norm Nixon 36.73 1978 1989 LAL,SDC,LAC PG 30335
43%
332 Purvis Short 27.73 1979 1990 GSW,HOU,NJN PF,SF,SG 23845
43%
500 Rashard Lewis 24.75 1999 2014 SEA,ORL,WAS,MIA SF,PF 28260
43%
252 Ray Scott 29.99 1962 1972 DET,BAL PF,C 21261
43%
279 Reggie Lewis 29.12 1988 1993 BOS SG,SF 14329
43%
197 Ricky Rubio 31.56 2012 2023 MIN,UTA,PHO,CLE PG 22468
43%
592 Robert Reid 23.27 1978 1991 HOU,CHH,POR,PHI SF,SG 23225
43%
344 Scott Skiles 27.38 1987 1996 MIL,IND,ORL,WSB,PHI PG 16485
43%
738 Slater Martin 21.34 1950 1960 MNL,NYK,STL PG 17861
43%
375 Spencer Dinwiddie 26.90 2015 2025 DET,BRK,DAL,WAS,LAL PG,SG 15924
43%
68 Stephon Marbury 38.39 1997 2009 MIN,NJN,PHO,NYK,BOS PG 33703
43%
76 Steve Francis 37.69 2000 2008 HOU,ORL,NYK PG,SG 21898
43%
292 Terry Cummings 28.84 1983 2000 SDC,MIL,SAS,SEA,NYK,PHI,GSW PF,SF 37287
43%
920 Trey Murphy III 19.51 2022 2024 NOP SF 4273
43%
657 Troy Murphy 22.51 2002 2013 GSW,IND,BOS,NJN,LAL,DAL PF 16523
43%
325 Vin Baker 27.86 1994 2006 MIL,SEA,BOS,NYK,HOU,LAC C,PF 22709
43%
300 Vlade Divac 28.65 1990 2005 LAL,CHH,SAC C 35960
43%
200 World B. Free 31.47 1976 1988 PHI,SDC,GSW,CLE,HOU SG,PG 28954
43%
345 Xavier McDaniel 27.38 1986 1998 SEA,PHO,NYK,BOS,NJN SF,PF 25220
43%
570 Alex Sarr 23.60 2025 2025 WAS C 354
36%
427 Allan Houston 25.94 1994 2005 DET,NYK SG 23399
36%
668 Andrea Bargnani 22.38 2007 2016 TOR,NYK,BRK PF,C 12557
36%
400 Anthony Mason 26.39 1990 2003 NJN,DEN,NYK,CHH,MIA,MIL PF,SF,C 25808
36%
581 Antonio McDyess 23.45 1996 2011 DEN,PHO,NYK,DET,SAS PF,C 26147
36%
147 Artis Gilmore 33.16 1972 1988 CHI,SAS,BOS C 31531
36%
282 Bill Bridges 29.09 1963 1975 STL,ATL,PHI,LAL,GSW PF 30225
36%
337 Bill Sharman 27.62 1951 1961 WSC,BOS SG 21793
36%
457 Billy Knight 25.41 1975 1985 IND,BUF,BOS,KCK,SAS SF,SG 17301
36%
79 Brad Daugherty 37.41 1987 1994 CLE C 22033
36%
426 Brandon Knight 25.94 2012 2022 DET,MIL,PHO,CLE,HOU,DAL PG,SG 11701
36%
567 Brevin Knight 23.67 1998 2009 CLE,ATL,MEM,MIL,PHO,WAS,CHA,LAC,UTA PG 17585
36%
338 Caris LeVert 27.60 2017 2025 BRK,IND,CLE SF,SG 13800
36%
534 Cedric Maxwell 24.26 1978 1988 BOS,LAC,HOU SF 22735
36%
816 Chris Ford 20.49 1973 1982 DET,BOS SG 17461
36%
413 Christian Laettner 26.12 1993 2005 MIN,ATL,DET,DAL,WAS,MIA PF,C 23846
36%
429 Chuck Person 25.91 1987 2000 IND,MIN,SAS,CHH,SEA SF,PF 25759
36%
258 Collin Sexton 29.69 2019 2025 CLE,UTA PG,SG 10689
36%
120 Dan Issel 34.82 1971 1985 DEN C 26846
36%
589 Dan Majerle 23.31 1989 2002 PHO,CLE,MIA SG,SF 25128
36%
93 Dave Bing 36.44 1967 1978 DET,WSB,BOS PG,SG 33960
36%
658 De'Andre Hunter 22.50 2020 2025 ATL SF 6525
36%
152 Derrick Coleman 33.04 1991 2005 NJN,PHI,CHH,DET PF,C 27090
36%
726 Derrick Favors 21.49 2011 2022 NJN,UTA,NOP,OKC PF,C 17879
36%
778 Desmond Mason 20.91 2001 2010 SEA,MIL,NOK,OKC,SAC SF,SG 13779
36%
826 Elden Campbell 20.35 1991 2005 LAL,CHH,NOH,SEA,DET,NJN PF,C 23397
36%
678 Evan Fournier 22.26 2013 2024 DEN,ORL,BOS,NYK,DET SG,SF 16117
36%
970 Gerald Henderson Jr. 19.08 2010 2017 CHA,CHO,POR,PHI SG 10494
36%
393 Goran Dragic 26.55 2009 2023 PHO,HOU,MIA,BRK,TOR,CHI,MIL PG,SG 26787
36%
365 Hassan Whiteside 26.99 2011 2022 SAC,MIA,POR,UTA C 14521
36%
515 Jack Coleman 24.55 1950 1958 ROC,STL PF 17089
36%
248 Jaden Ivey 30.08 2023 2025 DET SG 5083
36%
245 Jamaal Wilkes 30.17 1975 1986 GSW,LAL,LAC SF,PF 28392
36%
557 Jeremy Lin 23.84 2011 2019 GSW,NYK,HOU,LAL,CHO,BRK,ATL,TOR PG,SG 12037
36%
713 Jerome Kersey 21.62 1985 2001 POR,GSW,LAL,SEA,SAS,MIL SF 27658
36%
363 Jerry Sloan 27.04 1966 1976 BAL,CHI SG,SF 21823
36%
336 Jerry Stackhouse 27.64 1996 2013 PHI,DET,WAS,DAL,MIL,MIA,ATL,BRK SG,SF 28884
36%
601 Jim Paxson 23.07 1980 1990 POR,BOS SG,PG 19312
36%
437 Joakim Noah 25.75 2008 2020 CHI,NYK,MEM,LAC C 18897
36%
936 Joe Ingles 19.38 2015 2025 UTA,MIL,ORL,MIN SF,PF 14885
36%
569 John Starks 23.63 1989 2002 GSW,NYK,CHI,UTA SG 22734
36%
825 Kevin Duckworth 20.35 1987 1997 POR,SAS,WSB,MIL,LAC C 15281
36%
327 Kiki Vandeweghe 27.82 1981 1993 DEN,POR,NYK,LAC SF,PF 24427
36%
890 Lance Stephenson 19.69 2011 2022 IND,CHO,LAC,MEM,MIN,NOP,LAL,ATL SG,SF,PG 12033
36%
143 Larry Nance 33.25 1982 1994 PHO,CLE PF 32852
36%
977 Larry Nance Jr. 18.99 2016 2025 LAL,CLE,NOP,POR,ATL PF,C 10727
36%
414 Marcus Camby 26.09 1997 2013 TOR,NYK,DEN,LAC,POR,HOU C,PF 27450
36%
464 Mikal Bridges 25.26 2019 2025 PHO,BRK,NYK SF,SG 13390
36%
785 Mike Dunleavy Jr. 20.82 2003 2017 GSW,IND,MIL,CHI,ATL,CLE SF,PF,SG 21196
36%
348 Miles Bridges 27.29 2019 2025 CHO SF,PF 10181
36%
809 Montrezl Harrell 20.55 2016 2023 HOU,LAC,LAL,CHO,WAS,PHI PF,C 11280
36%
366 Muggsy Bogues 26.99 1988 2001 WSB,CHH,GSW,TOR PG 24504
36%
472 Orlando Woolridge 25.19 1982 1994 CHI,NJN,LAL,DEN,DET,MIL,PHI SF 22347
36%
293 Otis Birdsong 28.80 1978 1989 KCK,NJN,BOS SG 21056
36%
350 Otis Thorpe 27.27 1985 2001 KCK,SAC,HOU,POR,DET,VAN,WAS,MIA,CHH PF,C 36412
36%
96 Paul Arizin 36.18 1951 1962 PHW SF 27571
36%
362 Paul Westphal 27.06 1973 1984 BOS,PHO,SEA,NYK SG,PG 25163
36%
346 Phil Ford 27.34 1979 1985 KCK,MIL,NJN,HOU PG 13586
36%
105 Reggie Theus 35.68 1979 1991 CHI,KCK,SAC,ATL,ORL,NJN PG,SG 37217
36%
736 Roy Hibbert 21.38 2009 2017 IND,LAL,CHO,DEN C 15306
36%
253 Rudy Tomjanovich 29.95 1971 1981 SDR,HOU PF,SF 24113
36%
310 Scoot Henderson 28.32 2024 2025 POR PG 2181
36%
508 Sean Elliott 24.63 1990 2001 SAS,DET SF 20371
36%
249 Shawn Marion 30.05 2000 2015 PHO,MIA,TOR,DAL,CLE SF,PF 38218
36%
335 Sleepy Floyd 27.66 1983 1995 GSW,NJN,HOU,SAS PG,SG 27469
36%
159 Spencer Haywood 32.88 1970 1983 SEA,NYK,NOJ,LAL,WSB PF 26076
36%
232 Terrell Brandon 30.49 1992 2002 CLE,MIL,MIN PG 23236
36%
406 Terry Rozier 26.26 2016 2025 BOS,CHO,MIA PG,SG 17464
36%
357 T.J. Ford 27.17 2004 2012 MIL,TOR,IND,SAS PG 12145
36%
722 Toby Knight 21.53 1978 1982 NYK SF 6223
36%
642 Tom Henderson 22.65 1975 1983 ATL,WSB,HOU PG,SG 16531
36%
377 Vern Mikkelsen 26.87 1950 1959 MNL PF 21063
36%
577 Vernon Maxwell 23.48 1989 2001 SAS,HOU,PHI,CHH,ORL,SAC,SEA,DAL SG,PG 21227
36%
217 Victor Oladipo 30.86 2014 2023 ORL,OKC,IND,HOU,MIA PG,SG 16604
36%
64 Walt Bellamy 38.73 1962 1975 CHP,CHZ,BAL,NYK,DET,ATL,NOJ C 42172
36%
72 Walt Frazier 38.19 1968 1980 NYK,CLE PG 35062
36%
989 Wesley Matthews 18.86 2010 2024 UTA,POR,DAL,IND,NYK,MIL,LAL,ATL SG,SF 19875
36%
992 Wesley Person 18.84 1995 2005 PHO,CLE,MEM,ATL,POR,DEN,MIA SG,SF 14318
36%
602 Al Harrington 23.06 1999 2014 IND,ATL,GSW,NYK,DEN,ORL,WAS PF,SF,C 23890
29%
328 Andrew Toney 27.81 1981 1988 PHI SG 15015
29%
180 Bailey Howell 32.06 1960 1971 DET,BAL,BOS,PHI PF,SF 33217
29%
436 Brian Taylor 25.76 1973 1982 KCK,DEN,SDC PG 8501
29%
302 Brian Winters 28.60 1975 1983 LAL,MIL SG 19762
29%
583 Carl Braun 23.42 1948 1962 NYK,BOS SG,PG 19389
29%
653 Cedric Ceballos 22.55 1991 2001 PHO,LAL,DAL,DET,MIA SF 15061
29%
968 Craig Ehlo 19.11 1984 1997 HOU,CLE,ATL,SEA SG 18136
29%
466 Darrell Griffith 25.25 1981 1991 UTA SG 20247
29%
272 Desmond Bane 29.33 2021 2025 MEM SG 8211
29%
359 Dick Van Arsdale 27.15 1966 1977 NYK,PHO SG 25929
29%
637 Dillon Brooks 22.68 2018 2025 MEM,HOU SF,SG 10434
29%
240 Dino Radja 30.38 1994 1997 BOS PF,C 6926
29%
928 D.J. Augustin 19.47 2009 2022 CHA,IND,CHI,TOR,DET,OKC,DEN,ORL,HOU,MIL,LAL PG 19743
29%
711 Donte DiVincenzo 21.65 2019 2025 MIL,SAC,GSW,NYK,MIN SG 8854
29%
737 Drew Gooden 21.37 2003 2016 MEM,ORL,CLE,CHI,SAC,SAS,DAL,LAC,MIL,WAS SF,PF,C 18248
29%
800 Gary Trent Jr. 20.64 2019 2025 POR,TOR,MIL SG,SF 7618
29%
820 Ivica Zubac 20.43 2017 2025 LAL,LAC C 11643
29%
243 Jack Twyman 30.32 1956 1966 ROC,CIN SF,SG 25986
29%
153 Jamal Mashburn 33.03 1994 2004 DAL,MIA,CHH,NOH SF 21896
29%
442 Jameer Nelson 25.66 2005 2018 ORL,BOS,DAL,DEN,DET,NOP PG 23654
29%
463 Jay Vincent 25.28 1982 1990 DAL,WSB,DEN,SAS,LAL,PHI PF,SF 15521
29%
206 Joe Barry Carroll 31.29 1981 1991 GSW,HOU,NJN,DEN,PHO C 22652
29%
179 John Drew 32.09 1975 1985 ATL,UTA PF,SF 24643
29%
257 Johnny Moore 29.72 1981 1990 SAS,NJN PG 16671
29%
595 Jose Calderon 23.24 2006 2019 TOR,DET,DAL,NYK,ATL,LAL,CLE SG,PG 21733
29%
766 Kelly Oubre Jr. 20.98 2016 2025 WAS,PHO,GSW,CHO,PHI SF 13362
29%
489 Kerry Kittles 24.91 1997 2005 NJN,LAC SG 13974
29%
750 Kris Dunn 21.15 2017 2025 MIN,CHI,ATL,POR,UTA,LAC PG 7551
29%
549 Larry Drew 23.94 1981 1991 DET,KCK,SAC,LAC,LAL PG 17836
29%
672 Lloyd Neal 22.33 1973 1979 POR C,PF 10207
29%
219 Lou Hudson 30.81 1967 1979 STL,ATL,LAL SF,SG 29296
29%
784 Malik Monk 20.83 2018 2025 CHO,LAL,SAC SG 9936
29%
186 Mark Aguirre 31.87 1982 1994 DAL,DET,LAC SF 32662
29%
792 Mason Plumlee 20.73 2014 2025 BRK,POR,DEN,DET,CHO,LAC,PHO C 18099
29%
988 Maurice Taylor 18.86 1998 2007 LAC,HOU,NYK,SAC PF,SF,C 10168
29%
524 Mehmet Okur 24.40 2003 2012 DET,UTA,NJN PF,C 17200
29%
451 Michael Brooks 25.53 1981 1988 SDC,IND,DEN SF 8245
29%
537 Nate McMillan 24.22 1987 1998 SEA PG,SG 21657
29%
664 Nene 22.42 2003 2019 DEN,WAS,HOU C,PF 23678
29%
610 Nic Claxton 23.02 2020 2025 BRK C 6331
29%
606 Nicolas Batum 23.04 2009 2025 POR,CHO,LAC,PHI SF,SG,PF 26355
29%
720 OG Anunoby 21.56 2018 2025 TOR,NYK SF,PF 10178
29%
832 Otto Moore 20.29 1969 1977 DET,PHO,HOU,KCO,NOJ C 13839
29%
575 Rex Chapman 23.52 1989 2000 CHH,WSB,MIA,PHO SG,PG 15968
29%
213 RJ Barrett 31.09 2020 2025 NYK,TOR SG,SF 11191
29%
793 Rui Hachimura 20.73 2020 2025 WAS,LAL PF 6632
29%
259 Sam Lacey 29.69 1971 1983 CIN,KCO,KCK,NJN,CLE C 30606
29%
172 Shareef Abdur-Rahim 32.35 1997 2008 VAN,ATL,POR,SAC PF,SF,C 27043
29%
145 Sidney Wicks 33.25 1972 1981 POR,BOS,SDC PF 25569
29%
755 Speedy Claxton 21.09 2002 2009 PHI,SAS,GSW,NOH,NOK,ATL PG 7678
29%
836 Terry Tyler 20.28 1979 1989 DET,SAC,DAL PF,SF 18006
29%
326 Tom Gugliotta 27.85 1993 2005 WSB,GSW,MIN,PHO,UTA,ATL,BOS PF,SF 21585
29%
191 Tom Heinsohn 31.69 1957 1965 BOS PF,SF 24021
29%
532 Tom Van Arsdale 24.32 1966 1977 DET,CIN,KCO,PHI,ATL,PHO SG,SF 22590
29%
535 Toni Kukoc 24.25 1994 2006 CHI,PHI,ATL,MIL SF,PF 22919
29%
598 Wally Szczerbiak 23.14 2000 2009 MIN,BOS,CLE,SEA SF 16317
29%
710 Will Barton 21.66 2013 2023 POR,DEN,TOR,WAS SG,SF 15359
29%
588 Arnie Risen 23.33 1949 1958 ROC,BOS C 16283
21%
505 Bennedict Mathurin 24.67 2023 2025 IND SG,SF 3849
21%
135 Bob Dandridge 33.58 1970 1982 MIL,WSB SF 31460
21%
965 Brian Shaw 19.15 1989 2003 BOS,MIA,ORL,GSW,PHI,POR,LAL SG,PG 20487
21%
522 Carlton Carrington 24.40 2025 2025 WAS PG 366
21%
542 Chandler Parsons 24.09 2012 2020 HOU,DAL,MEM,ATL SF,PF 10915
21%
625 Chris Kaman 22.82 2004 2016 LAC,NOH,DAL,LAL,POR C 17180
21%
95 Clark Kellogg 36.21 1983 1987 IND PF 9414
21%
203 Cliff Hagan 31.42 1957 1970 STL SF 26235
21%
433 Corey Maggette 25.81 2000 2013 ORL,LAC,GSW,MIL,CHA,DET SF,SG,PF 21657
21%
921 Dana Barros 19.51 1990 2004 SEA,PHI,BOS,DET PG,SG 17189
21%
619 Danny Ainge 22.87 1982 1995 BOS,SAC,POR,PHO SG,PG 28243
21%
193 Dan Roundfield 31.61 1976 1987 IND,ATL,DET,WSB PF 24781
21%
837 Dario Saric 20.28 2017 2025 PHI,MIN,PHO,OKC,GSW,DEN PF,C 10402
21%
565 Devin Vassell 23.71 2021 2024 SAS SF,SG 5809
21%
540 Dick Barnett 24.17 1960 1974 SYR,LAL,NYK SG 25935
21%
594 Dick McGuire 23.25 1950 1960 NYK,DET PG 18620
21%
235 Ed Macauley 30.47 1950 1959 STB,BOS,STL C,PF 20962
21%
454 Emeka Okafor 25.49 2005 2018 CHA,NOH,WAS,NOP PF,C 15883
21%
676 Emmanuel Mudiay 22.28 2016 2022 DEN,NYK,UTA,SAC PG 6796
21%
126 Geoff Petrie 34.52 1971 1976 POR SG,PG 15397
21%
91 George McGinnis 36.49 1972 1982 PHI,DEN,IND PF 20506
21%
185 George Yardley 31.91 1954 1960 FTW,DET,SYR SF 16527
21%
205 Guy Rodgers 31.30 1959 1970 PHW,SFW,CHI,CIN,MIL PG,SG 29357
21%
316 Happy Hairston 28.18 1965 1975 CIN,DET,LAL PF,SF 23812
21%
531 Immanuel Quickley 24.32 2021 2025 NYK,TOR PG,SG 7467
21%
374 Isaiah Rider 26.91 1994 2002 MIN,POR,ATL,LAL,DEN SG 15715
21%
518 Jack Marin 24.53 1967 1977 BAL,HOU,BUF,CHI SF 22076
21%
819 Jack Stephens 20.43 1956 1956 STL SG 1614
21%
960 Jae'Sean Tate 19.17 2021 2025 HOU SF,PF 4832
21%
810 Jakob Poeltl 20.55 2017 2025 TOR,SAS C 11937
21%
562 Jalen Suggs 23.74 2022 2025 ORL PG,SG 4772
21%
908 James Donaldson 19.60 1981 1995 SEA,SDC,LAC,DAL,NYK,UTA C 19759
21%
485 Jared McCain 25.00 2025 2025 PHI SG 400
21%
633 Jared Sullinger 22.76 2013 2017 BOS,TOR PF 6349
21%
418 Jay Humphries 26.05 1985 1995 PHO,MIL,UTA,BOS SG,PG 21595
21%
768 Jim Barnett 20.96 1967 1977 BOS,SDR,POR,GSW,NOJ,NYK,PHI SG,PG 15973
21%
486 Jim McMillian 25.00 1971 1979 LAL,BUF,NYK,POR SF 17572
21%
957 J.J. Barea 19.21 2007 2020 DAL,MIN PG,SG 16924
21%
978 Jonathan Kuminga 18.98 2022 2025 GSW SF,PF 4801
21%
323 Kelly Tripucka 27.96 1982 1991 DET,UTA,CHH SF 20465
21%
930 Kendrick Nunn 19.45 2020 2023 MIA,LAL,WAS PG,SG 4123
21%
626 Kenneth Faried 22.81 2012 2019 DEN,BRK,HOU PF,C 11313
21%
656 Kevin Huerter 22.51 2019 2025 ATL,SAC SG,SF 10379
21%
673 Luis Scola 22.33 2008 2017 HOU,PHO,IND,TOR,BRK PF 17664
21%
839 Mario Chalmers 20.27 2009 2018 MIA,MEM PG 15103
21%
983 Max Strus 18.90 2020 2024 CHI,MIA,CLE SF 5973
21%
806 Michael Beasley 20.57 2009 2019 MIA,MIN,PHO,HOU,MIL,NYK,LAL PF,SF 13043
21%
700 Nikola Mirotic 21.77 2015 2019 CHI,NOP,MIL PF 7815
21%
699 Nikola Pekovic 21.77 2011 2016 MIN C 5901
21%
189 Norm Van Lier 31.74 1970 1979 CIN,CHI,MIL PG,SG 24883
21%
550 O.J. Mayo 23.92 2009 2016 MEM,DAL,MIL SG 13704
21%
312 Phil Chenier 28.31 1972 1981 BAL,CAP,WSB,IND,GSW SG 18063
21%
438 Raymond Felton 25.71 2006 2019 CHA,DEN,NYK,POR,DAL,LAC,OKC PG,SG 26168
21%
177 Richie Guerin 32.14 1957 1970 NYK,STL,ATL SG 28607
21%
715 Robert Covington 21.60 2014 2024 HOU,PHI,MIN,POR,LAC SF,C,PF 13952
21%
817 Rodney Rogers 20.47 1994 2005 DEN,LAC,PHO,BOS,NJN,NOH,PHI SF,PF 19403
21%
304 Rony Seikaly 28.54 1989 1999 MIA,GSW,ORL,NJN C 19748
21%
999 Scott May 18.79 1977 1983 CHI,MIL,DET SF 6801
21%
670 Thurl Bailey 22.36 1984 1999 UTA,MIN PF,SF 22288
21%
703 T.J. McConnell 21.74 2016 2025 PHI,IND PG 14915
21%
712 T.J. Warren 21.65 2015 2024 PHO,IND,BRK,MIN SF,PF 8615
21%
308 Ty Lawson 28.37 2010 2017 DEN,HOU,IND,SAC,WAS PG 16653
21%
351 Willie Naulls 27.25 1957 1966 NYK,STL,SFW,BOS PF,SF 20465
21%
725 Zach Edey 21.50 2025 2025 MEM C 301
21%
261 Zelmo Beaty 29.65 1963 1975 STL,ATL,LAL C 18771
21%
530 Zydrunas Ilgauskas 24.33 1998 2011 CLE,MIA C 22453
21%
982 Alec Burks 18.93 2012 2025 UTA,CLE,SAC,GSW,PHI,NYK,DET,MIA SG,SF 14711
14%
158 Alex Groza 32.91 1950 1951 INO 4574
14%
907 Al Thornton 19.60 2008 2011 LAC,WAS,GSW PF,SF 5803
14%
680 Andrew Nembhard 22.23 2023 2025 IND SG,PG 3713
14%
547 Armen Gilliam 23.98 1988 2000 PHO,CHH,PHI,NJN,MIL,UTA PF,SF 23088
14%
870 Ayo Dosunmu 19.93 2022 2025 CHI SG 5182
14%
544 Benoit Benjamin 24.04 1986 2000 LAC,SEA,LAL,NJN,MIL,VAN,TOR,PHI,CLE C 19832
14%
926 Bilal Coulibaly 19.48 2024 2025 WAS SF 1500
14%
423 Bob Davies 25.96 1949 1955 ROC PG 12982
14%
807 Bob Sura 20.55 1996 2005 CLE,GSW,ATL,DET,HOU SG,PG 13770
14%
260 Calvin Natt 29.66 1980 1990 NJN,POR,DEN,SAS,IND SF,PF 19098
14%
864 Chris Childs 19.97 1995 2003 NJN,NYK,TOR PG 12263
14%
580 Clarence Weatherspoon 23.45 1993 2005 PHI,GSW,MIA,CLE,NYK,HOU SF,PF 21882
14%
648 Clem Haskins 22.61 1968 1976 CHI,PHO,WSB PG,SG 16031
14%
281 Clyde Lovellette 29.11 1954 1964 MNL,CIN,STL,BOS C 22502
14%
585 Curtis Perry 23.36 1971 1978 SDR,HOU,MIL,PHO C,PF 12425
14%
962 Danny Finn 19.17 1953 1955 PHW SG,PG 2722
14%
774 Darwin Cook 20.93 1981 1989 NJN,WSB,DEN,SAS SG,PG 13331
14%
474 David Wesley 25.17 1994 2007 NJN,BOS,CHH,NOH,HOU,CLE PG,SG 25269
14%
681 Deni Avdija 22.22 2021 2025 WAS,POR SF 6777
14%
701 Derrick McKey 21.76 1988 2002 SEA,IND,PHI SF 23483
14%
660 Devonte' Graham 22.49 2019 2024 CHO,NOP,SAS PG 7759
14%
687 Dion Waiters 22.07 2013 2020 CLE,OKC,MIA,LAL SG 9756
14%
696 Donyell Marshall 21.86 1995 2009 GSW,MIN,UTA,CHI,TOR,CLE,SEA,PHI SF,PF 21950
14%
756 Enes Freedom 21.08 2012 2022 UTA,OKC,NYK,POR,BOS C 17014
14%
586 Eric Money 23.34 1975 1980 DET,NJN,PHI SG,PG 10411
14%
828 Eric Snow 20.33 1996 2008 SEA,PHI,CLE PG,SG 19291
14%
991 Ersan Ilyasova 18.84 2007 2021 MIL,DET,ORL,ATL,OKC,PHI,UTA PF 16527
14%
412 Gene Shue 26.14 1955 1964 NYK,PHW,FTW,DET,BAL PG,SG 19105
14%
963 Gheorghe Muresan 19.16 1994 2000 WSB,NJN C 5940
14%
411 Harry Gallatin 26.14 1949 1958 NYK,DET PF,SF 19503
14%
644 Herm Gilliam 22.63 1970 1977 CIN,BUF,ATL,SEA,POR SG,PG 13893
14%
796 Isaiah Stewart 20.70 2021 2025 DET C,PF 5259
14%
481 Jamaal Tinsley 25.03 2002 2014 IND,MEM,UTA PG 14720
14%
545 James Silas 24.03 1973 1982 SAS,CLE PG,SG 9228
14%
112 Jeff Ruland 35.24 1982 1993 WSB,PHI,DET C,PF 12298
14%
455 Jim Pollard 25.46 1949 1955 MNL SF 12985
14%
441 Joe Caldwell 25.69 1965 1975 DET,STL,ATL SF,SG 13177
14%
911 Justise Winslow 19.59 2016 2023 MIA,MEM,LAC,POR SF,PF,SG 7111
14%
465 Ken Norman 25.25 1988 1997 LAC,MIL,ATL SF 16638
14%
404 Larry Hughes 26.32 1999 2012 PHI,GSW,WAS,CLE,CHI,NYK,CHA,ORL PG,SG,SF 20427
14%
195 Larry Kenon 31.56 1974 1983 SAS,CHI,CLE,GSW PF,SF 16855
14%
495 Lionel Hollins 24.80 1976 1985 POR,PHI,SDC,DET,HOU PG,SG 18598
14%
754 Luguentz Dort 21.10 2020 2025 OKC SF,SG 6899
14%
714 Luke Ridnour 21.62 2004 2015 SEA,MIL,MIN,CHA,ORL PG,SG 18416
14%
529 Mahmoud Abdul-Rauf 24.34 1991 2001 DEN,SAC,VAN PG 14627
14%
758 Marcin Gortat 21.07 2008 2019 ORL,PHO,WAS,LAC C,PF 18792
14%
509 Markelle Fultz 24.63 2018 2024 PHI,ORL SG,PG 6133
14%
26 Maurice Stokes 44.15 1956 1958 ROC,CIN C,PF 8962
14%
662 Mike Woodson 22.48 1981 1991 NYK,KCK,NJN,SAC,LAC,HOU,CLE SG 17960
14%
804 Patrick Beverley 20.59 2013 2024 HOU,LAC,MIN,CHI,LAL,MIL,PHI PG,SG 15238
14%
371 Paul Pressey 26.93 1983 1993 MIL,SAS,GSW SG,SF 21519
14%
582 Paul Silas 23.44 1965 1980 STL,ATL,PHO,BOS,DEN,SEA PF 33215
14%
747 Pervis Ellison 21.22 1990 2001 SAC,WSB,BOS,SEA C,PF 10143
14%
702 Ramon Sessions 21.76 2008 2018 MIL,MIN,CLE,LAL,CHA,SAC,WAS,CHO,NYK PG,SG 15512
14%
997 Rod Thorn 18.80 1964 1971 BAL,DET,STL,SEA SG,PG 9119
14%
973 Ron Brewer 19.05 1979 1986 POR,SAS,CLE,GSW,NJN,CHI SG 9849
14%
334 Roy Tarpley 27.68 1987 1995 DAL PF,C 8416
14%
896 Ruben Patterson 19.67 1999 2008 LAL,SEA,POR,DEN,MIL,LAC SF,SG 13200
14%
284 Rudy LaRusso 29.03 1960 1969 MNL,LAL,SFW PF,SF 24066
14%
995 Samuel Dalembert 18.81 2002 2015 PHI,SAC,HOU,MIL,DAL,NYK C 17140
14%
634 Scott Wedman 22.75 1975 1987 KCO,KCK,CLE,BOS SF 22547
14%
408 Sherman Douglas 26.21 1990 2001 MIA,BOS,MIL,NJN,LAC PG 20493
14%
692 Stephon Castle 21.94 2025 2025 SAS PG 373
14%
360 Swen Nater 27.14 1974 1984 MIL,BUF,SDC,LAL C 13735
14%
618 Terry Dischinger 22.89 1963 1973 CHZ,BAL,DET,POR SF,SG 15063
14%
604 Tom Boerwinkle 23.05 1969 1978 CHI C 15444
14%
324 Tom Gola 27.94 1956 1966 PHW,NYK,SFW SG,SF 20593
14%
718 Walker Kessler 21.57 2023 2025 UTA C 3193
14%
494 Wayman Tisdale 24.80 1986 1997 IND,SAC,PHO PF 21378
14%
473 Wilbur Holland 25.18 1976 1979 ATL,CHI SG 7025
14%
887 Yves Missi 19.71 2025 2025 NOP C 335
14%
934 Zaccharie Risacher 19.39 2025 2025 ATL SF 349
14%
591 Zavier Simpson 23.27 2022 2024 OKC,MEM PG 256
14%
964 Al Attles 19.16 1961 1971 PHW,SFW PG 14808
7%
897 Andray Blatche 19.67 2006 2014 WAS,BRK PF,C 11626
7%
638 Andy Phillip 22.67 1948 1958 CHS,PHW,FTW,BOS SG,PG 17414
7%
439 Billy Owens 25.69 1992 2001 GSW,MIA,SAC,SEA,PHI,DET PF,SG,SF 15699
7%
814 Bison Dele 20.50 1992 1999 ORL,DEN,LAC,CHI,DET PF,C 9267
7%
667 Bobby Wanzer 22.39 1949 1957 ROC SG,PG 13571
7%
548 Bob Kauffman 23.95 1969 1975 SEA,CHI,BUF,ATL C,PF,SF 12692
7%
299 Bob Rule 28.66 1968 1975 SEA,PHI,CLE,MIL C 11550
7%
650 Brandin Podziemski 22.58 2024 2025 GSW SG 2055
7%
986 Bryant Stith 18.87 1993 2002 DEN,BOS,CLE SG 11341
7%
794 Butch Beard 20.72 1970 1979 ATL,CLE,SEA,GSW,NYK PG 13199
7%
974 Chucky Atkins 19.01 2000 2010 ORL,DET,BOS,LAL,MEM,WAS,DEN,OKC PG,SG 13916
7%
675 Clifford Ray 22.33 1972 1981 CHI,GSW C 18844
7%
790 Darius Miles 20.75 2001 2009 LAC,CLE,POR,MEM SF 9256
7%
573 Dave Greenwood 23.54 1980 1991 CHI,SAS,DEN,DET PF 19890
7%
854 Dereck Lively II 20.11 2024 2025 DAL C 1810
7%
624 Dick Garmaker 22.83 1956 1961 MNL,NYK SG,PG 10089
7%
791 Don Kojis 20.74 1964 1975 BAL,DET,CHI,SDR,SEA,KCO SF 17149
7%
479 Don Ohl 25.08 1961 1970 DET,BAL,STL,ATL SG,PG 19414
7%
851 Eddie Miles 20.15 1964 1972 DET,BAL,NYK SG,PG 12596
7%
937 Ed Sadowski 19.37 1947 1950 CLR,TRH,BOS,PHW,BLB 4591
7%
939 Frank Brickowski 19.37 1985 1997 SEA,LAL,SAS,MIL,CHH,BOS C,PF 14874
7%
663 Frank Ramsey 22.45 1955 1964 BOS SF,SG 16183
7%
721 Gar Heard 21.53 1971 1981 SEA,CHI,BUF,PHO,SDC PF 18217
7%
555 Gene Banks 23.86 1982 1987 SAS,CHI SF,PF 11813
7%
568 Greg Ballard 23.63 1978 1989 WSB,GSW,SEA SF 20490
7%
727 Greivis Vasquez 21.46 2011 2017 MEM,NOH,SAC,TOR,MIL,BRK PG 9121
7%
695 Jack Molinas 21.88 1954 1954 FTW SF 700
7%
679 Jaime Jaquez Jr. 22.25 2024 2025 MIA SF 2025
7%
797 Jeff McInnis 20.70 1997 2008 DEN,WAS,LAC,POR,CLE,NJN,CHA PG,SG 12070
7%
490 Jeremy Sochan 24.89 2023 2025 SAS PF 3410
7%
860 Jim Cleamons 20.05 1972 1980 LAL,CLE,NYK,WSB PG 13611
7%
723 Joe Fulks 21.53 1947 1954 PHW PF 11194
7%
512 John Bagley 24.62 1983 1994 CLE,NJN,BOS,ATL PG 16837
7%
886 Jon McGlocklin 19.76 1966 1976 CIN,SDR,MIL SG,SF 16735
7%
609 Junior Bridgeman 23.02 1976 1987 MIL,LAC SF,SG 20675
7%
504 Kenny Sears 24.67 1956 1964 NYK,SFW PF,SF 13275
7%
456 Kevin Loughery 25.45 1963 1973 DET,BAL,PHI SG,PG 20306
7%
483 Larry Costello 25.01 1955 1968 PHW,SYR,PHI PG 18956
7%
385 Larry Foust 26.71 1951 1962 FTW,MNL,STL C 23772
7%
813 Larry Siegfried 20.51 1964 1972 BOS,SDR,ATL,HOU SG,PG 12902
7%
845 Leo Barnhorst 20.24 1950 1954 CHS,INO,BLB,FTW SF 7225
7%
560 Lewis Lloyd 23.77 1982 1990 GSW,HOU,PHI SG 9817
7%
665 Marvin Bagley III 22.40 2019 2025 SAC,DET,WAS PF,C 5981
7%
993 Marvin Webster 18.82 1976 1987 DEN,SEA,NYK,MIL C 11800
7%
875 Matt Harpring 19.91 1999 2009 ORL,CLE,PHI,UTA SF,SG 14195
7%
827 Max Zaslofsky 20.33 1947 1956 CHS,NYK,BLB,FTW,MLH SG 12262
7%
639 Mike Gminski 22.67 1981 1994 NJN,PHI,CHH,MIL C 22058
7%
372 Mike Newlin 26.92 1972 1982 HOU,NJN,NYK SG 23122
7%
985 Milos Teodosic 18.88 2018 2019 LAC PG 1133
7%
590 Nat Clifton 23.29 1951 1958 NYK,DET PF 13902
7%
894 Paul Seymour 19.68 1948 1960 BLB,SYR SG,PG 13540
7%
579 Rafer Alston 23.47 2000 2010 MIL,TOR,MIA,HOU,ORL,NJN PG 17061
7%
388 Ralph Beard 26.66 1950 1951 INO 3573
7%
869 Rick Roberson 19.95 1970 1976 LAL,CLE,POR,NOJ,KCK C,PF 8796
7%
424 Ricky Sobers 25.96 1976 1986 PHO,IND,CHI,WSB,SEA SG,PG 22065
7%
369 Rodney McCray 26.94 1984 1993 HOU,SAC,DAL,CHI SF,PF 21931
7%
578 Rodney Stuckey 23.47 2008 2017 DET,IND PG,SG 15935
7%
688 Ron Mercer 22.07 1998 2005 BOS,DEN,ORL,CHI,IND,SAS,NJN SG,SF 9777
7%
677 Rory Sparrow 22.27 1981 1992 NJN,ATL,NYK,CHI,MIA,SAC,LAL PG 19284
7%
521 Sam Bowie 24.42 1985 1995 POR,NJN,LAL C 13187
7%
821 Sedale Threatt 20.41 1984 1997 PHI,CHI,SEA,LAL,HOU PG,SG 20837
7%
868 Shaedon Sharpe 19.96 2023 2024 POR SG 2435
7%
364 Slick Watts 27.00 1974 1979 SEA,NOJ,HOU PG 12260
7%
840 Tari Eason 20.27 2023 2025 HOU PF,SF 2473
7%
858 Todd Day 20.08 1993 2001 MIL,BOS,MIA,PHO,MIN SG 9880
7%
487 Tom Meschery 24.97 1962 1971 PHW,SFW,SEA PF,SF 20400
7%
643 Tom Owens 22.63 1972 1983 HOU,POR,IND,DET C,PF 11407
7%
861 Tony Wroten 20.02 2013 2016 MEM,PHI SG,PG 3023
7%
475 Vern Fleming 25.14 1985 1996 IND,NJN PG 23381
7%
612 Walter Berry 22.98 1987 1989 POR,SAS,HOU,NJN PF,SF 4871
7%
541 Walter Dukes 24.12 1956 1963 NYK,MNL,DET C 14185
7%
470 Walt Hazzard 25.21 1965 1974 LAL,SEA,ATL,BUF,GSW SG,PG 19713
7%
539 Wayne Embry 24.19 1959 1969 CIN,BOS,MIL C 21454
7%
990 Willie Cauley-Stein 18.85 2016 2022 SAC,DAL,GSW,PHI C 8069
7%
883 Zaid Abdul-Aziz 19.78 1969 1978 CIN,MIL,SEA,HOU,BUF,BOS C,PF 10343
7%
976 Allan Bristow 19.00 1974 1983 PHI,SAS,UTA,DAL SF 12691
0%
709 Allen Leavell 21.66 1980 1989 HOU PG,SG 16529
0%
980 Al Skinner 18.98 1975 1980 NYN,DET,NJN,PHI SG 3947
0%
877 Bill Robinzine 19.88 1976 1982 KCK,CLE,DAL,UTA PF 10676
0%
795 Bobby Phills 20.72 1992 2000 CLE,CHH SG 10215
0%
746 Bob Gross 21.22 1976 1983 POR,SDC SF 11419
0%
630 Bob Wilkerson 22.77 1977 1983 SEA,DEN,CHI,CLE SF,SG 12706
0%
600 Bucky Bockhorn 23.11 1959 1965 CIN SG 11553
0%
923 Cameron Oliver 19.50 2021 2022 HOU,ATL SF 117
0%
972 Chuck Share 19.05 1952 1960 FTW,MLH,STL,MNL C 12385
0%
895 Connie Dierking 19.68 1959 1971 SYR,PHI,SFW,CIN C 14285
0%
627 Curtis Rowe 22.81 1972 1979 DET,BOS PF 14094
0%
917 Darnell Hillman 19.53 1972 1980 IND,DEN,NJN,KCK,GSW C,PF 5957
0%
647 Darnell Valentine 22.61 1982 1991 POR,LAC,CLE PG,SG 14607
0%
566 Dave Meyers 23.68 1976 1980 MIL PF 7104
0%
903 Dave Twardzik 19.63 1973 1980 POR PG 5988
0%
891 De'Anthony Melton 19.69 2019 2025 PHO,MEM,PHI,GSW PG,SG 7601
0%
815 Dick Groat 20.50 1953 1953 FTW PG 533
0%
882 Dick Ricketts 19.79 1956 1958 ROC,STL,CIN PF,C 4234
0%
765 Dick Snyder 20.98 1967 1979 STL,PHO,SEA,CLE SG,SF 20877
0%
954 Dike Eddleman 19.23 1950 1953 TRI,FTW,MLH SF 5366
0%
631 Don Barksdale 22.77 1952 1955 BLB,BOS PF,SF 6261
0%
859 Don Buse 20.06 1973 1985 IND,PHO,POR,KCK PG,SG 13700
0%
863 Donnie Freeman 19.98 1968 1976 LAL SG 1279
0%
913 Ed Ratleff 19.56 1974 1978 HOU SF 6768
0%
551 Eric Murdock 23.90 1992 2000 UTA,MIL,VAN,DEN,MIA,NJN,LAC PG 12331
0%
994 Ernie Calverley 18.82 1947 1949 PRO 3105
0%
651 Ernie DiGregorio 22.57 1974 1978 BUF,BOS,LAL PG 7380
0%
966 Frankie Brian 19.12 1950 1956 AND,TRI,FTW SG,PG 9199
0%
823 Frank Selvy 20.37 1955 1964 BLB,MLH,STL,MNL,NYK,SYR,LAL SF,SG 12569
0%
959 Fred Hetzel 19.20 1966 1971 SFW,CIN,MIL,PHI,LAL SF,PF 8657
0%
640 Fred Schaus 22.66 1950 1954 FTW,NYK SF 8043
0%
933 Gary Gregor 19.40 1969 1974 PHO,ATL,POR,MIL PF,SF 5879
0%
760 Geoff Huston 21.06 1980 1987 NYK,CLE,DAL,GSW,LAC PG 10445
0%
946 George Ratkovicz 19.29 1950 1955 SYR,BLB,MLH PF 7080
0%
951 Harold Pressley 19.26 1987 1990 SAC SF,PF 5760
0%
811 Howard Komives 20.54 1965 1974 NYK,DET,BUF,KCO PG 15448
0%
889 Jack Nichols 19.70 1949 1958 WSC,TRI,MLH,BOS PF 10954
0%
461 Jim Chones 25.29 1973 1982 CLE,LAL,WSB C,PF 16665
0%
878 Jim McElroy 19.85 1976 1982 NOJ,ATL,DET PG 8396
0%
996 J.J. Hickson 18.81 2009 2016 CLE,POR,SAC,DEN,WAS C,PF 10251
0%
719 Joe Graboski 21.57 1949 1962 CHS,INO,PHW,CHP,STL,SYR C,PF 19089
0%
801 Joe Strawder 20.62 1966 1968 DET C 4888
0%
748 John Block 21.17 1967 1976 LAL,SDR,MIL,KCO,PHI,CHI,NOJ PF,C 13086
0%
885 John Brisker 19.76 1970 1975 SEA SF,SG 2490
0%
984 Johnny McCarthy 18.90 1957 1964 ROC,CIN,STL,BOS PG,SG 6482
0%
467 John Shumate 25.25 1976 1981 BUF,PHO,DET,HOU,SAS,SEA PF 8331
0%
893 Jonny Flynn 19.68 2010 2012 MIN,HOU,POR PG 3208
0%
918 Keith Erickson 19.52 1966 1977 SFW,CHI,LAL,PHO SF,SG 16654
0%
510 Kelvin Ransey 24.63 1981 1986 POR,DAL,NJN PG 12018
0%
899 Kent Benson 19.66 1978 1988 MIL,DET,UTA,CLE C 13937
0%
866 Kevin Kunnert 19.96 1974 1982 BUF,HOU,SDC,POR C 11539
0%
776 Kyle Macy 20.92 1981 1987 PHO,CHI,IND PG 12450
0%
446 Lee Shaffer 25.62 1962 1964 SYR,PHI SF 5354
0%
763 Leonard Gray 21.00 1975 1977 SEA,WSB PF 5060
0%
520 Lonnie Shelton 24.46 1977 1986 NYK,SEA,CLE PF 17735
0%
862 Loy Vaught 20.00 1991 2001 LAC,DET,DAL,WAS PF 14080
0%
789 Mark Olberding 20.76 1976 1987 SAS,CHI,KCK,SAC PF,SF 18929
0%
392 Mel Hutchins 26.56 1952 1958 MLH,FTW,NYK C,PF 12326
0%
516 Michael Dickerson 24.55 1999 2003 HOU,VAN,MEM SG 5302
0%
536 Mike Bantom 24.25 1974 1982 PHO,SEA,NYN,IND,PHI PF,SF 17823
0%
788 Mike Gale 20.77 1972 1982 SAS,POR,GSW SG,PG 9991
0%
847 Mike Iuzzolino 20.22 1992 1993 DAL PG 2467
0%
833 Mike Todorovich 20.29 1950 1951 STB,TRI 2719
0%
943 Paul Hoffman 19.32 1948 1955 BLB,NYK,PHW SG,PG 6374
0%
852 Paul Neumann 20.11 1962 1967 SYR,PHI,SFW PG 9655
0%
898 Phil Hubbard 19.67 1980 1989 DET,CLE PF,SF 13239
0%
777 Phil Jordon 20.92 1957 1963 NYK,DET,CIN,STL C,PF 9583
0%
783 Quinn Buckner 20.85 1977 1986 MIL,BOS,IND PG,SG 16409
0%
683 Quintin Dailey 22.19 1983 1992 CHI,LAC,SEA SG 11804
0%
834 Raef LaFrentz 20.29 1999 2008 DEN,DAL,BOS,POR C,PF 12133
0%
762 RaiQuan Gray 21.00 2023 2024 BRK,SAS PF 84
0%
761 Ray Felix 21.02 1954 1962 BLB,NYK,MNL,LAL C 14189
0%
919 Red Rocha 19.52 1948 1957 STB,BLB,SYR,FTW C 12202
0%
734 Reggie Harding 21.41 1964 1968 DET,CHI C 4390
0%
744 Rich Kelley 21.28 1976 1986 NOJ,NJN,PHO,DEN,UTA,SAC C 18282
0%
787 Robert Pack 20.77 1992 2004 POR,DEN,WSB,DAL,NJN,MIN,NOH PG 12152
0%
730 Ron Behagen 21.44 1974 1980 KCO,NOJ,ATL,HOU,IND,DET,KCK,NYK,WSB PF 8490
0%
517 Ron Boone 24.53 1969 1981 KCK,LAL,UTA SG 9494
0%
458 Roy Hinson 25.35 1984 1991 CLE,PHI,NJN SF,PF 13080
0%
764 Sarunas Marciulionis 20.98 1990 1997 GSW,SEA,SAC,DEN SG,SF 7974
0%
874 Sasha Danilovic 19.91 1996 1997 MIA,DAL SG 1553
0%
969 Spencer Hawes 19.11 2008 2017 SAC,PHI,CLE,LAC,CHO,MIL C,PF 13718
0%
925 Steve Hawes 19.49 1975 1984 HOU,POR,ATL,SEA C,PF 14032
0%
857 Steve Mix 20.09 1970 1983 DET,PHI,LAL,MIL SF,PF 17599
0%
339 Steve Stipanovich 27.57 1984 1988 IND C 11221
0%
708 Stu Lantz 21.68 1969 1976 SDR,HOU,DET,LAL,NOJ SG,PG 12138
0%
729 Terry Catledge 21.45 1986 1993 PHI,WSB,ORL PF 11454
0%
779 Tom Burleson 20.91 1975 1981 SEA,KCK,ATL C 9638
0%
902 Travis Mays 19.65 1991 1993 SAC,ATL PG 2279
0%
916 Walt Lemon Jr. 19.55 2018 2019 NOP,CHI PG 215
0%
769 Woody Sauldsberry 20.96 1958 1966 PHW,STL,CHP,CHZ,BOS PF,C 10290
0%
No matching quizzes found
Score Distribution
Percent of People with Each Score
Percentile by Number Answered
Your Score History
You have not taken this quiz since the last reset